All Municipalities of Hungary on a Map - Statistics

General Stats
  • This quiz has been taken 1,089 times
    1,039 since last reset
  • The average score is 216 of 3155
Answers on the Map
Answers color-coded by a green-red scale on the quiz's map according to % correct below.
 
Answer Stats
Vármegye Answer % Correct
- Budapest
91%
Győr-Moson-Sopron Győr
78%
Hajdú-Bihar Debrecen
76%
Baranya Pécs
75%
Győr-Moson-Sopron Sopron
72%
Csongrád-Csanád Szeged
71%
Borsod-Abaúj-Zemplén Miskolc
69%
Heves Balaton
65%
Somogy Zala
65%
Vas
64%
Heves Eger
64%
Fejér Székesfehérvár
64%
Veszprém Veszprém
64%
Komárom-Esztergom Esztergom
63%
Bács-Kiskun Kecskemét
63%
Békés Békés
62%
Borsod-Abaúj-Zemplén Szin
62%
Komárom-Esztergom Tát
62%
Szabolcs-Szatmár-Bereg Nyíregyháza
61%
Jász-Nagykun-Szolnok Szolnok
61%
Komárom-Esztergom Tata
61%
Komárom-Esztergom Komárom
59%
Vas Szombathely
59%
Komárom-Esztergom Tatabánya
59%
Pest Érd
58%
Pest Vác
57%
Somogy Siófok
56%
Nógrád Bér
55%
Szabolcs-Szatmár-Bereg Őr
55%
Nógrád Szente
55%
Békés Békéscsaba
54%
Somogy Kaposvár
54%
Zala Zalaegerszeg
53%
Fejér Dunaújváros
52%
Pest Göd
52%
Komárom-Esztergom Baj
50%
Baranya Bár
50%
Békés Gyula
50%
Csongrád-Csanád Hódmezővásárhely
50%
Győr-Moson-Sopron Mosonmagyaróvár
50%
Csongrád-Csanád Csongrád
49%
Zala Keszthely
49%
Tolna Szekszárd
49%
Veszprém Balatonfüred
48%
Pest Gödöllő
48%
Szabolcs-Szatmár-Bereg Pap
48%
Fejér Aba
47%
Pest Cegléd
47%
Tolna Paks
47%
Pest Pilis
47%
Nógrád Salgótarján
47%
Heves Gyöngyös
46%
Borsod-Abaúj-Zemplén Ózd
46%
Pest Tök
46%
Fejér Vál
46%
Pest Budaörs
45%
Zala Nagykanizsa
45%
Somogy Som
45%
Pest Szentendre
45%
Győr-Moson-Sopron Táp
45%
Heves Hatvan
44%
Fejér Moha
44%
Veszprém Pápa
44%
Nógrád Tar
44%
Veszprém Tihany
44%
Bács-Kiskun Baja
43%
Pest Dunakeszi
43%
Fejér Szár
43%
Pest Budakeszi
42%
Heves Kál
42%
Csongrád-Csanád Makó
42%
Baranya Mohács
42%
Heves Vécs
42%
Pest Visegrád
42%
Veszprém Ajka
41%
Bács-Kiskun Kiskunfélegyháza
41%
Borsod-Abaúj-Zemplén Tiszaújváros
41%
Tolna Tolna
41%
Pest Vecsés
41%
Fejér Velence
41%
Hajdú-Bihar Hajdúszoboszló
40%
Heves Heves
40%
Fejér Mór
40%
Nógrád Nógrád
40%
Csongrád-Csanád Szentes
40%
Pest Szigetszentmiklós
40%
Jász-Nagykun-Szolnok Jászberény
39%
Nógrád Kálló
39%
Veszprém Öcs
39%
Veszprém Balatonalmádi
38%
Győr-Moson-Sopron Dör
38%
Vas Kőszeg
38%
Baranya Ág
37%
Vas
37%
Pest Szob
37%
Veszprém Tapolca
37%
Zala Bak
36%
Somogy Balatonlelle
36%
Vas Bük
36%
Fejér Csór
36%
Fejér Gárdony
36%
Pest Gyál
36%
Borsod-Abaúj-Zemplén Sátoraljaújhely
36%
Pest Bugyi
35%
Hajdú-Bihar Hajdúböszörmény
35%
Győr-Moson-Sopron Hegyeshalom
35%
Bács-Kiskun Kalocsa
35%
Bács-Kiskun Kiskőrös
35%
Bács-Kiskun Kiskunhalas
35%
Pest Monor
35%
Békés Szarvas
35%
Vas Szentgotthárd
35%
Fejér Bicske
34%
Jász-Nagykun-Szolnok Karcag
34%
Baranya Komló
34%
Heves Kömlő
34%
Pest Nagykőrös
34%
Pest Nagymaros
34%
Vas Sárvár
34%
Jász-Nagykun-Szolnok Tiszafüred
34%
Borsod-Abaúj-Zemplén Tokaj
34%
Pest Törökbálint
34%
Fejér Felcsút
33%
Borsod-Abaúj-Zemplén Fony
33%
Zala Hévíz
33%
Borsod-Abaúj-Zemplén Kazincbarcika
33%
Zala Lenti
33%
Komárom-Esztergom Oroszlány
33%
Győr-Moson-Sopron Pannonhalma
33%
Győr-Moson-Sopron Pér
33%
Pest Pilisvörösvár
33%
Pest Ráckeve
33%
Pest Üllő
33%
Somogy Zamárdi
33%
Pest Abony
32%
Somogy Balatonboglár
32%
Komárom-Esztergom Dorog
32%
Somogy Fonyód
32%
Pest Fót
32%
Heves Hort
32%
Szabolcs-Szatmár-Bereg Kisvárda
32%
Borsod-Abaúj-Zemplén Mezőkövesd
32%
Pest Mogyoród
32%
Békés Orosháza
32%
Borsod-Abaúj-Zemplén Sárospatak
32%
Pest Százhalombatta
32%
Komárom-Esztergom Ács
31%
Veszprém Balatonakarattya
31%
Pest Diósd
31%
Tolna Dombóvár
31%
Baranya Szigetvár
31%
Nógrád Balassagyarmat
30%
Somogy Balatonfenyves
30%
Somogy Balatonföldvár
30%
Pest Biatorbágy
30%
Pest Budakalász
30%
Pest Dunaharaszti
30%
Szabolcs-Szatmár-Bereg Mátészalka
30%
Pest Pomáz
30%
Győr-Moson-Sopron Szil
30%
Veszprém Várpalota
30%
Szabolcs-Szatmár-Bereg Záhony
30%
Pest Albertirsa
29%
Borsod-Abaúj-Zemplén Beret
29%
Pest Dabas
29%
Győr-Moson-Sopron Écs
29%
Győr-Moson-Sopron Harka
29%
Pest Kismaros
29%
Pest Kistarcsa
29%
Vas Körmend
29%
Jász-Nagykun-Szolnok Mezőtúr
29%
Pest Piliscsaba
29%
Somogy Barcs
28%
Hajdú-Bihar Berettyóújfalu
28%
Tolna Dunaföldvár
28%
Jász-Nagykun-Szolnok Jászapáti
28%
Szabolcs-Szatmár-Bereg Magy
28%
Fejér Martonvásár
28%
Szabolcs-Szatmár-Bereg Nyírbátor
28%
Zala Pat
28%
Pest Pécel
28%
Hajdú-Bihar Polgár
28%
Veszprém Sóly
28%
Pest Veresegyház
28%
Somogy Balatonmáriafürdő
27%
Győr-Moson-Sopron Csorna
27%
Heves Egerszalók
27%
Pest Gyömrő
27%
Hajdú-Bihar Hajdúnánás
27%
Hajdú-Bihar Hortobágy
27%
Zala Letenye
27%
Pest Nagytarcsa
27%
Borsod-Abaúj-Zemplén Szerencs
27%
Veszprém Szigliget
27%
Jász-Nagykun-Szolnok Törökszentmiklós
27%
Veszprém Zirc
27%
Veszprém Balatonkenese
26%
Győr-Moson-Sopron Bőny
26%
Vas Celldömölk
26%
Győr-Moson-Sopron Csér
26%
Győr-Moson-Sopron Fertőd
26%
Heves Füzesabony
26%
Baranya Harkány
26%
Bács-Kiskun Kiskunmajsa
26%
Bács-Kiskun Lajosmizse
26%
Hajdú-Bihar Püspökladány
26%
Pest Solymár
26%
Veszprém Sümeg
26%
Baranya Szilvás
26%
Somogy Tab
26%
Baranya Villány
26%
Veszprém Badacsonytomaj
25%
Veszprém Balatonfűzfő
25%
Pest Ceglédbercel
25%
Pest Csömör
25%
Hajdú-Bihar Hajdúhadház
25%
Nógrád Hollókő
25%
Pest Isaszeg
25%
Vas Ják
25%
Heves Kápolna
25%
Baranya Kórós
25%
Somogy Marcali
25%
Pest Ócsa
25%
Fejér Pákozd
25%
Baranya Pécsvárad
25%
Vas Pornóapáti
25%
Heves Poroszló
25%
Csongrád-Csanád Röszke
25%
Fejér Sárbogárd
25%
Baranya Siklós
25%
Bács-Kiskun Solt
25%
Pest Tárnok
25%
Pest Tököl
25%
Zala Zalakaros
25%
Zala Zalaszentgrót
25%
Csongrád-Csanád Ásotthalom
24%
Pest Aszód
24%
Somogy Balatonszemes
24%
Hajdú-Bihar Balmazújváros
24%
Veszprém Devecser
24%
Fejér Enying
24%
Fejér Ercsi
24%
Győr-Moson-Sopron Kapuvár
24%
Somogy Kára
24%
Komárom-Esztergom Kisbér
24%
Jász-Nagykun-Szolnok Kisújszállás
24%
Pest Maglód
24%
Veszprém Révfülöp
24%
Somogy Szántód
24%
Heves Szilvásvárad
24%
Pest Tahitótfalu
24%
Vas Vasvár
24%
Pest Verőce
24%
Pest Zsámbék
24%
Borsod-Abaúj-Zemplén Aggtelek
23%
Komárom-Esztergom Almásfüzitő
23%
Bács-Kiskun Bácsalmás
23%
Pest Bag
23%
Veszprém Balatonakali
23%
Fejér Etyek
23%
Pest Halásztelek
23%
Pest Nagykovácsi
23%
Baranya Orfű
23%
Baranya Szentlőrinc
23%
Pest Szigethalom
23%
Győr-Moson-Sopron Tét
23%
Bács-Kiskun Tiszakécske
23%
Pest Üröm
23%
Veszprém Zánka
23%
Fejér Adony
22%
Fejér Alcsútdoboz
22%
Veszprém Alsóörs
22%
Somogy Balatonszárszó
22%
Fejér Csákvár
22%
Veszprém Herend
22%
Pest Kerepes
22%
Pest Kisoroszi
22%
Pest Leányfalu
22%
Pest Nagykáta
22%
Győr-Moson-Sopron Rajka
22%
Jász-Nagykun-Szolnok Tiszaföldvár
22%
Komárom-Esztergom Vértesszőlős
22%
Komárom-Esztergom Bábolna
21%
Komárom-Esztergom Csép
21%
Veszprém Csopak
21%
Hajdú-Bihar Hajdúdorog
21%
Pest Hernád
21%
Nógrád Hont
21%
Győr-Moson-Sopron Iván
21%
Pest Kiskunlacháza
21%
Komárom-Esztergom Lábatlan
21%
Fejér Lepsény
21%
Pest Monorierdő
21%
Csongrád-Csanád Mórahalom
21%
Bács-Kiskun Soltvadkert
21%
Pest Sülysáp
21%
Nógrád Szécsény
21%
Szabolcs-Szatmár-Bereg Tiszalök
21%
Pest Zebegény
21%
Jász-Nagykun-Szolnok Abádszalók
20%
Csongrád-Csanád Algyő
20%
Pest Alsónémedi
20%
Somogy Balatonőszöd
20%
Békés Battonya
20%
Komárom-Esztergom Dömös
20%
Pest Dunabogdány
20%
Pest Dunavarsány
20%
Pest Ecser
20%
Szabolcs-Szatmár-Bereg Kék
20%
Bács-Kiskun Kunszentmiklós
20%
Komárom-Esztergom Nyergesújfalu
20%
Pest Páty
20%
Jász-Nagykun-Szolnok Túrkeve
20%
Pest Vácrátót
20%
Somogy Balatonszentgyörgy
19%
Somogy Balatonvilágos
19%
Hajdú-Bihar Biharkeresztes
19%
Tolna Bonyhád
19%
Somogy Edde
19%
Jász-Nagykun-Szolnok Fegyvernek
19%
Heves Gyöngyöspata
19%
Nógrád Ipolytarnóc
19%
Jász-Nagykun-Szolnok Martfű
19%
Somogy Nagyatád
19%
Veszprém Nyirád
19%
Fejér Polgárdi
19%
Heves Recsk
19%
Nógrád Rétság
19%
Békés Szeghalom
19%
Pest Szigetmonostor
19%
Heves Bélapátfalva
18%
Borsod-Abaúj-Zemplén Encs
18%
Szabolcs-Szatmár-Bereg Fehérgyarmat
18%
Veszprém Felsőörs
18%
Győr-Moson-Sopron Fertőrákos
18%
Békés Gyomaendrőd
18%
Hajdú-Bihar Hajdúsámson
18%
Jász-Nagykun-Szolnok Jászárokszállás
18%
Fejér Kápolnásnyék
18%
Pest Kemence
18%
Jász-Nagykun-Szolnok Kunszentmárton
18%
Vas Őriszentpéter
18%
Nógrád Pásztó
18%
Pest Pilisszentkereszt
18%
Fejér Pusztaszabolcs
18%
Borsod-Abaúj-Zemplén Putnok
18%
Szabolcs-Szatmár-Bereg Szabolcs
18%
Bács-Kiskun Szentkirály
18%
Pest Sződ
18%
Tolna Tamási
18%
Pest Tápiószele
18%
Pest Tura
18%
Szabolcs-Szatmár-Bereg Vásárosnamény
18%
Veszprém Bakonybél
17%
Veszprém Balatonszepezd
17%
Nógrád Bátonyterenye
17%
Baranya Bóly
17%
Pest Csobánka
17%
Pest Dömsöd
17%
Zala Gyenesdiás
17%
Pest Inárcs
17%
Jász-Nagykun-Szolnok Jászfényszaru
17%
Veszprém Kapolcs
17%
Heves Kisköre
17%
Komárom-Esztergom Kocs
17%
Veszprém Lovas
17%
Szabolcs-Szatmár-Bereg Máriapócs
17%
Somogy Nagybajom
17%
Baranya Olasz
17%
Csongrád-Csanád Ópusztaszer
17%
Heves Parád
17%
Pest Pilisborosjenő
17%
Komárom-Esztergom Pilismarót
17%
Pest Telki
17%
Veszprém Tés
17%
Szabolcs-Szatmár-Bereg Újfehértó
17%
Zala Vonyarcvashegy
17%
Veszprém Ábrahámhegy
16%
Komárom-Esztergom Aka
16%
Veszprém Aszófő
16%
Tolna Báta
16%
Somogy Bodrog
16%
Heves Boldog
16%
Pest Budajenő
16%
Borsod-Abaúj-Zemplén Cigánd
16%
Somogy Csurgó
16%
Hajdú-Bihar Derecske
16%
Borsod-Abaúj-Zemplén Edelény
16%
Pest Herceghalom
16%
Hajdú-Bihar Kaba
16%
Borsod-Abaúj-Zemplén Lak
16%
Borsod-Abaúj-Zemplén Mád
16%
Pest Márianosztra
16%
Pest Őrbottyán
16%
Pest Pilisszentlászló
16%
Fejér Rácalmás
16%
Békés Sarkad
16%
Fejér Sukoró
16%
Borsod-Abaúj-Zemplén Szikszó
16%
Pest Tápiószecső
16%
Pest Tápiószentmárton
16%
Szabolcs-Szatmár-Bereg Tiszavasvári
16%
Komárom-Esztergom Tokod
16%
Heves Verpelét
16%
Pest Acsa
15%
Hajdú-Bihar Ártánd
15%
Fejér Baracs
15%
Borsod-Abaúj-Zemplén Bőcs
15%
Baranya Boda
15%
Békés Elek
15%
Pest Erdőkertes
15%
Pest Gomba
15%
Vas Ivánc
15%
Baranya Kozármisleny
15%
Jász-Nagykun-Szolnok Kunmadaras
15%
Tolna Lengyel
15%
Békés Mezőberény
15%
Békés Mezőhegyes
15%
Somogy Mike
15%
Nógrád Nagyoroszi
15%
Veszprém Nagyvázsony
15%
Hajdú-Bihar Nyíradony
15%
Pest Örkény
15%
Komárom-Esztergom Piliscsév
15%
Borsod-Abaúj-Zemplén Sajószentpéter
15%
Tolna Simontornya
15%
Bács-Kiskun Szabadszállás
15%
Pest Szada
15%
Pest Sződliget
15%
Fejér Tác
15%
Pest Taksony
15%
Pest Tápióbicske
15%
Hajdú-Bihar Téglás
15%
Bács-Kiskun Tompa
15%
Heves Abasár
14%
Borsod-Abaúj-Zemplén Alsózsolca
14%
Veszprém Badacsonytördemic
14%
Somogy Balatonberény
14%
Veszprém Balatonederics
14%
Nógrád Bánk
14%
Fejér Baracska
14%
Fejér Beloiannisz
14%
Nógrád Drégelypalánk
14%
Bács-Kiskun Dunapataj
14%
Komárom-Esztergom Ete
14%
Borsod-Abaúj-Zemplén Felsőzsolca
14%
Békés Füzesgyarmat
14%
Somogy Igal
14%
Győr-Moson-Sopron Jánossomorja
14%
Pest Jászkarajenő
14%
Jász-Nagykun-Szolnok Kunhegyes
14%
Győr-Moson-Sopron Lébény
14%
Heves Mátraszentimre
14%
Csongrád-Csanád Mindszent
14%
Heves Noszvaj
14%
Tolna Ozora
14%
Heves Parádsasvár
14%
Pest Péteri
14%
Pest Pilisszentiván
14%
Pest Rád
14%
Vas Répcelak
14%
Pest Sóskút
14%
Pest Tápióság
14%
Heves Visonta
14%
Zala Zalalövő
14%
Győr-Moson-Sopron Ágfalva
13%
Zala Balatongyörök
13%
Tolna Bátaszék
13%
Békés Békésszentandrás
13%
Fejér Bodajk
13%
Borsod-Abaúj-Zemplén Bükkszentkereszt
13%
Fejér Cece
13%
Komárom-Esztergom Csém
13%
Szabolcs-Szatmár-Bereg Csenger
13%
Jász-Nagykun-Szolnok Cserkeszőlő
13%
Somogy Csoma
13%
Pest Délegyháza
13%
Nógrád Diósjenő
13%
Baranya Drávaszabolcs
13%
Komárom-Esztergom Dunaalmás
13%
Győr-Moson-Sopron Dunakiliti
13%
Pest Felsőpakony
13%
Győr-Moson-Sopron Fertőszentmiklós
13%
Pest Galgahévíz
13%
Vas Gór
13%
Borsod-Abaúj-Zemplén Hét
13%
Baranya Hidas
13%
Fejér Iváncsa
13%
Bács-Kiskun Jánoshalma
13%
Bács-Kiskun Kelebia
13%
Csongrád-Csanád Kistelek
13%
Pest Kóka
13%
Bács-Kiskun Lakitelek
13%
Hajdú-Bihar Létavértes
13%
Zala Nova
13%
Borsod-Abaúj-Zemplén Nyékládháza
13%
Veszprém Paloznak
13%
Pest Pusztazámor
13%
Szabolcs-Szatmár-Bereg Rakamaz
13%
Bács-Kiskun Rém
13%
Heves Sirok
13%
Jász-Nagykun-Szolnok Szajol
13%
Komárom-Esztergom Szárliget
13%
Pest Szigetcsép
13%
Pest Szigetszentmárton
13%
Pest Szokolya
13%
Komárom-Esztergom Tarján
13%
Jász-Nagykun-Szolnok Tiszabura
13%
Békés Újkígyós
13%
Jász-Nagykun-Szolnok Újszász
13%
Zala Zalakomár
13%
Pest Zsámbok
13%
Szabolcs-Szatmár-Bereg Ajak
12%
Heves Apc
12%
Baranya Áta
12%
Győr-Moson-Sopron Bakonyszentlászló
12%
Veszprém Csesznek
12%
Pest Dány
12%
Veszprém Dörgicse
12%
Bács-Kiskun Dunavecse
12%
Veszprém Eplény
12%
Pest Farmos
12%
Győr-Moson-Sopron Gönyű
12%
Komárom-Esztergom Gyermely
12%
Bács-Kiskun Hajós
12%
Pest Hévízgyörk
12%
Borsod-Abaúj-Zemplén Hollóháza
12%
Jász-Nagykun-Szolnok Jászkisér
12%
Jász-Nagykun-Szolnok Kenderes
12%
Heves Kerecsend
12%
Pest Kosd
12%
Somogy Lad
12%
Somogy Lengyeltóti
12%
Győr-Moson-Sopron Levél
12%
Békés Lőkösháza
12%
Borsod-Abaúj-Zemplén Mezőkeresztes
12%
Győr-Moson-Sopron Nagycenk
12%
Szabolcs-Szatmár-Bereg Nagykálló
12%
Győr-Moson-Sopron Nyúl
12%
Jász-Nagykun-Szolnok Öcsöd
12%
Zala Sand
12%
Heves Sarud
12%
Fejér Szabadbattyán
12%
Csongrád-Csanád Szatymaz
12%
Veszprém Szentkirályszabadja
12%
Pest Szentmártonkáta
12%
Pest Tinnye
12%
Pest Tóalmás
12%
Vas Velem
12%
Jász-Nagykun-Szolnok Zagyvarékas
12%
Veszprém Balatonfőkajár
11%
Somogy Balatonkeresztúr
11%
Veszprém Balatonudvari
11%
Baranya Beremend
11%
Borsod-Abaúj-Zemplén Borsodnádasd
11%
Csongrád-Csanád Csanádpalota
11%
Heves Demjén
11%
Békés Dévaványa
11%
Hajdú-Bihar Egyek
11%
Heves Felsőtárkány
11%
Hajdú-Bihar Fülöp
11%
Pest Galgamácsa
11%
Somogy Gyékényes
11%
Heves Gyöngyöshalász
11%
Somogy Hajmás
11%
Szabolcs-Szatmár-Bereg Ibrány
11%
Pest Iklad
11%
Pest Ipolydamásd
11%
Komárom-Esztergom Kesztölc
11%
Heves Kisnána
11%
Borsod-Abaúj-Zemplén Kondó
11%
Békés Körösladány
11%
Fejér Mány
11%
Nógrád Mátraverebély
11%
Pest Mende
11%
Békés Mezőkovácsháza
11%
Borsod-Abaúj-Zemplén Muhi
11%
Hajdú-Bihar Nádudvar
11%
Pest Nagybörzsöny
11%
Komárom-Esztergom Nagyigmánd
11%
Heves Novaj
11%
Borsod-Abaúj-Zemplén Olaszliszka
11%
Veszprém Örvényes
11%
Pest Perbál
11%
Heves Pétervására
11%
Csongrád-Csanád Pusztaszer
11%
Jász-Nagykun-Szolnok Rákóczifalva
11%
Nógrád Romhány
11%
Csongrád-Csanád Sándorfalva
11%
Baranya Sellye
11%
Komárom-Esztergom Súr
11%
Baranya Szűr
11%
Bács-Kiskun Tass
11%
Jász-Nagykun-Szolnok Tiszabő
11%
Hajdú-Bihar Tiszacsege
11%
Heves Tiszanána
11%
Pest Újhartyán
11%
Pest Vácduka
11%
Pest Váchartyán
11%
Heves Vámosgyörk
11%
Hajdú-Bihar Vámospércs
11%
Győr-Moson-Sopron Vámosszabadi
11%
Zala Zalavár
11%
Borsod-Abaúj-Zemplén Abaújszántó
10%
Győr-Moson-Sopron Abda
10%
Bács-Kiskun Akasztó
10%
Heves Andornaktálya
10%
Komárom-Esztergom Bajna
10%
Csongrád-Csanád Balástya
10%
Pest Bernecebaráti
10%
Vas Bucsu
10%
Bács-Kiskun Bugac
10%
Szabolcs-Szatmár-Bereg Buj
10%
Pest Csomád
10%
Csongrád-Csanád Deszk
10%
Heves Detk
10%
Hajdú-Bihar Ebes
10%
Csongrád-Csanád Felgyő
10%
Vas Felsőszölnök
10%
Borsod-Abaúj-Zemplén Füzér
10%
Borsod-Abaúj-Zemplén Gönc
10%
Heves Gyöngyössolymos
10%
Győr-Moson-Sopron Győrújbarát
10%
Veszprém Hajmáskér
10%
Bács-Kiskun Izsák
10%
Vas Jánosháza
10%
Jász-Nagykun-Szolnok Jászladány
10%
Borsod-Abaúj-Zemplén Jósvafő
10%
Pest Kakucs
10%
Heves Karácsond
10%
Bács-Kiskun Kecel
10%
Békés Kétegyháza
10%
Somogy Kéthely
10%
Békés Kondoros
10%
Somogy Kőröshegy
10%
Veszprém Kővágóörs
10%
Pest Letkés
10%
Heves Lőrinci
10%
Heves Maklár
10%
Szabolcs-Szatmár-Bereg Mánd
10%
Békés Méhkerék
10%
Borsod-Abaúj-Zemplén Mezőcsát
10%
Csongrád-Csanád Nagylak
10%
Komárom-Esztergom Neszmély
10%
Pest Nyáregyháza
10%
Pest Nyársapát
10%
Hajdú-Bihar Nyírábrány
10%
Fejér Pázmánd
10%
Borsod-Abaúj-Zemplén Pere
10%
Pest Pilisjászfalu
10%
Pest Pócsmegyer
10%
Pest Pusztavacs
10%
Pest Remeteszőlős
10%
Fejér Seregélyes
10%
Nógrád Somoskőújfalu
10%
Győr-Moson-Sopron Sopronkövesd
10%
Komárom-Esztergom Süttő
10%
Pest Tápiógyörgye
10%
Csongrád-Csanád Tiszasziget
10%
Veszprém Tüskevár
10%
Pest Újszilvás
10%
Pest Vámosmikola
10%
Pest Vasad
10%
Vas Vép
10%
Békés Vésztő
10%
Heves Aldebrő
9%
Vas Alsószölnök
9%
Komárom-Esztergom Bajót
9%
Szabolcs-Szatmár-Bereg Baktalórántháza
9%
Nógrád Bercel
9%
Veszprém Berhida
9%
Jász-Nagykun-Szolnok Besenyszög
9%
Zala Bocska
9%
Tolna Bölcske
9%
Heves Bükkszék
9%
Heves Csány
9%
Pest Csemő
9%
Pest Csévharaszt
9%
Komárom-Esztergom Csolnok
9%
Békés Doboz
9%
Pest Domony
9%
Heves Domoszló
9%
Győr-Moson-Sopron Dunaszeg
9%
Győr-Moson-Sopron Dunasziget
9%
Heves Egerbakta
9%
Heves Egerszólát
9%
Csongrád-Csanád Eperjes
9%
Nógrád Érsekvadkert
9%
Fejér Fehérvárcsurgó
9%
Heves Feldebrő
9%
Győr-Moson-Sopron Győrújfalu
9%
Fejér Gyúró
9%
Borsod-Abaúj-Zemplén Hidasnémeti
9%
Tolna Hőgyész
9%
Jász-Nagykun-Szolnok Jászdózsa
9%
Jász-Nagykun-Szolnok Jászfelsőszentgyörgy
9%
Jász-Nagykun-Szolnok Jászjákóhalma
9%
Bács-Kiskun Kerekegyháza
9%
Csongrád-Csanád Kiszombor
9%
Pest Kóspallag
9%
Somogy Kötcse
9%
Veszprém Köveskál
9%
Fejér Kulcs
9%
Fejér Lovasberény
9%
Tolna Madocsa
9%
Veszprém Márkó
9%
Nógrád Mátranovák
9%
Békés Medgyesegyháza
9%
Bács-Kiskun Mélykút
9%
Fejér Nagykarácsony
9%
Szabolcs-Szatmár-Bereg Nyírlugos
9%
Veszprém Öskü
9%
Győr-Moson-Sopron Öttevény
9%
Borsod-Abaúj-Zemplén Pálháza
9%
Veszprém Pápateszér
9%
Pest Penc
9%
Pest Pilisszántó
9%
Baranya Sásd
9%
Bács-Kiskun Sükösd
9%
Békés Szabadkígyós
9%
Heves Szarvaskő
9%
Csongrád-Csanád Székkutas
9%
Borsod-Abaúj-Zemplén Szendrő
9%
Borsod-Abaúj-Zemplén Szentistván
9%
Pest Szigetújfalu
9%
Komárom-Esztergom Szomor
9%
Nógrád Szurdokpüspöki
9%
Pest Táborfalva
9%
Pest Tápiószőlős
9%
Borsod-Abaúj-Zemplén Tard
9%
Pest Tésa
9%
Fejér Tordas
9%
Békés Tótkomlós
9%
Veszprém Ukk
9%
Pest Vácszentlászló
9%
Baranya Várad
9%
Borsod-Abaúj-Zemplén Vizsoly
9%
Heves Zagyvaszántó
9%
Baranya Abaliget
8%
Nógrád Alsópetény
8%
Pest Apaj
8%
Veszprém Balatonrendes
8%
Komárom-Esztergom Bana
8%
Győr-Moson-Sopron Beled
8%
Jász-Nagykun-Szolnok Berekfürdő
8%
Heves Besenyőtelek
8%
Hajdú-Bihar Biharnagybajom
8%
Hajdú-Bihar Bocskaikert
8%
Borsod-Abaúj-Zemplén Bodrogkeresztúr
8%
Borsod-Abaúj-Zemplén Bogács
8%
Borsod-Abaúj-Zemplén Boldogkőváralja
8%
Zala Búcsúszentlászló
8%
Pest Csörög
8%
Pest Csővár
8%
Szabolcs-Szatmár-Bereg Demecser
8%
Tolna Dunaszentgyörgy
8%
Heves Egerfarmos
8%
Borsod-Abaúj-Zemplén Emőd
8%
Nógrád Felsőpetény
8%
Bács-Kiskun Gara
8%
Győr-Moson-Sopron Gyarmat
8%
Heves Gyöngyösoroszi
8%
Heves Gyöngyöstarján
8%
Heves Heréd
8%
Pest Ipolytölgyes
8%
Bács-Kiskun Jakabszállás
8%
Jász-Nagykun-Szolnok Jászalsószentgyörgy
8%
Vas Kám
8%
Somogy Kaposmérő
8%
Veszprém Káptalantóti
8%
Pest Kartal
8%
Somogy Kisbajom
8%
Komárom-Esztergom Kisigmánd
8%
Csongrád-Csanád Klárafalva
8%
Veszprém Kolontár
8%
Hajdú-Bihar Komádi
8%
Győr-Moson-Sopron Kóny
8%
Pest Kőröstetétlen
8%
Fejér Lajoskomárom
8%
Komárom-Esztergom Leányvár
8%
Pest Lórév
8%
Heves Ludas
8%
Heves Markaz
8%
Heves Mátraderecske
8%
Baranya Mecseknádasd
8%
Hajdú-Bihar Mikepércs
8%
Szabolcs-Szatmár-Bereg Nagyecsed
8%
Hajdú-Bihar Nagykereki
8%
Komárom-Esztergom Naszály
8%
Veszprém Nemesvámos
8%
Nógrád Nőtincs
8%
Vas Olaszfa
8%
Nógrád Patak
8%
Fejér Perkáta
8%
Pest Perőcsény
8%
Heves Petőfibánya
8%
Tolna Pincehely
8%
Baranya Pócsa
8%
Komárom-Esztergom Réde
8%
Borsod-Abaúj-Zemplén Rudabánya
8%
Komárom-Esztergom Sárisáp
8%
Zala Sármellék
8%
Nógrád Szendehely
8%
Somogy Szenta
8%
Veszprém Szentbékkálla
8%
Pest Szentlőrinckáta
8%
Pest Szigetbecse
8%
Borsod-Abaúj-Zemplén Taktaharkány
8%
Komárom-Esztergom Tárkány
8%
Heves Tarnazsadány
8%
Pest Tatárszentgyörgy
8%
Szabolcs-Szatmár-Bereg Tiszabecs
8%
Jász-Nagykun-Szolnok Tiszaderzs
8%
Szabolcs-Szatmár-Bereg Tiszadob
8%
Jász-Nagykun-Szolnok Tiszaörs
8%
Jász-Nagykun-Szolnok Tiszaroff
8%
Bács-Kiskun Tiszaug
8%
Komárom-Esztergom Tokodaltáró
8%
Pest Újlengyel
8%
Pest Úri
8%
Pest Vácegres
8%
Komárom-Esztergom Várgesztes
8%
Somogy Visz
8%
Fejér Zámoly
8%
Heves Adács
7%
Zala Alsópáhok
7%
Csongrád-Csanád Apátfalva
7%
Bács-Kiskun Bácsbokod
7%
Nógrád Berkenye
7%
Somogy Böhönye
7%
Komárom-Esztergom Bokod
7%
Nógrád Bokor
7%
Jász-Nagykun-Szolnok Cibakháza
7%
Békés Csabacsűd
7%
Komárom-Esztergom Császár
7%
Pest Dánszentmiklós
7%
Heves Dormánd
7%
Heves Egercsehi
7%
Komárom-Esztergom Epöl
7%
Heves Erdőtelek
7%
Tolna Fadd
7%
Fejér Füle
7%
Nógrád Galgaguta
7%
Pest Galgagyörk
7%
Fejér Gánt
7%
Békés Geszt
7%
Borsod-Abaúj-Zemplén Halmaj
7%
Heves Hevesvezekény
7%
Nógrád Hugyag
7%
Fejér Igar
7%
Nógrád Ipolyszög
7%
Nógrád Ipolyvece
7%
Heves Istenmezeje
7%
Somogy Jákó
7%
Jász-Nagykun-Szolnok Jászszentandrás
7%
Nógrád Karancslapujtő
7%
Zala Kehidakustány
7%
Veszprém Kékkút
7%
Somogy Kereki
7%
Jász-Nagykun-Szolnok Kétpó
7%
Pest Kisnémedi
7%
Heves Kompolt
7%
Békés Kötegyán
7%
Baranya Liget
7%
Baranya Lippó
7%
Baranya Magyarbóly
7%
Pest Makád
7%
Borsod-Abaúj-Zemplén Mályi
7%
Szabolcs-Szatmár-Bereg Mándok
7%
Pest Mikebuda
7%
Veszprém Mindszentkálla
7%
Győr-Moson-Sopron Mosonszolnok
7%
Heves Nagyréde
7%
Győr-Moson-Sopron Nagyszentjános
7%
Nógrád Nemti
7%
Nógrád Nógrádszakál
7%
Szabolcs-Szatmár-Bereg Nyírtelek
7%
Veszprém Olaszfalu
7%
Jász-Nagykun-Szolnok Örményes
7%
Heves Ostoros
7%
Pest Pánd
7%
Bács-Kiskun Petőfiszállás
7%
Veszprém Pula
7%
Pest Püspökhatvan
7%
Jász-Nagykun-Szolnok Pusztamonostor
7%
Fejér Ráckeresztúr
7%
Vas Rátót
7%
Fejér Sárkeresztúr
7%
Somogy Somogyvár
7%
Bács-Kiskun Szalkszentmárton
7%
Csongrád-Csanád Szegvár
7%
Veszprém Szentgál
7%
Baranya Szentlászló
7%
Bács-Kiskun Tiszaalpár
7%
Jász-Nagykun-Szolnok Tiszaigar
7%
Borsod-Abaúj-Zemplén Tomor
7%
Borsod-Abaúj-Zemplén Tornyosnémeti
7%
Pest Törtel
7%
Pest Váckisújfalu
7%
Pest Valkó
7%
Veszprém Városlőd
7%
Vas Vát
7%
Komárom-Esztergom Vértessomló
7%
Győr-Moson-Sopron Veszprémvarsány
7%
Zala Zalaszentiván
7%
Fejér Zichyújfalu
7%
Jász-Nagykun-Szolnok Alattyán
6%
Pest Áporka
6%
Heves Atkár
6%
Bács-Kiskun Bácsszőlős
6%
Hajdú-Bihar Bagamér
6%
Vas Bajánsenye
6%
Komárom-Esztergom Bakonyszombathely
6%
Veszprém Balatonszőlős
6%
Borsod-Abaúj-Zemplén Bánréve
6%
Heves Bátor
6%
Békés Békéssámson
6%
Szabolcs-Szatmár-Bereg Beregsurány
6%
Fejér Besnyő
6%
Heves Bodony
6%
Győr-Moson-Sopron Bősárkány
6%
Nógrád Buják
6%
Borsod-Abaúj-Zemplén Bükkábrány
6%
Veszprém Csajág
6%
Győr-Moson-Sopron Csapod
6%
Csongrád-Csanád Csengele
6%
Vas Csepreg
6%
Borsod-Abaúj-Zemplén Cserépfalu
6%
Fejér Csókakő
6%
Békés Csorvás
6%
Komárom-Esztergom Dad
6%
Nógrád Dejtár
6%
Csongrád-Csanád Domaszék
6%
Baranya Dunaszekcső
6%
Heves Ecséd
6%
Heves Egerbocs
6%
Zala Felsőpáhok
6%
Hajdú-Bihar Földes
6%
Borsod-Abaúj-Zemplén Forró
6%
Bács-Kiskun Fülöpszállás
6%
Hajdú-Bihar Görbeháza
6%
Tolna Gyönk
6%
Hajdú-Bihar Hajdúszovát
6%
Győr-Moson-Sopron Halászi
6%
Heves Halmajugra
6%
Bács-Kiskun Harta
6%
Bács-Kiskun Helvécia
6%
Bács-Kiskun Hercegszántó
6%
Hajdú-Bihar Hosszúpályi
6%
Jász-Nagykun-Szolnok Jánoshida
6%
Jász-Nagykun-Szolnok Jászágó
6%
Jász-Nagykun-Szolnok Jászboldogháza
6%
Jász-Nagykun-Szolnok Jászivány
6%
Jász-Nagykun-Szolnok Jásztelek
6%
Tolna Kakasd
6%
Somogy Kaposfő
6%
Vas Karakó
6%
Békés Kardos
6%
Komárom-Esztergom Kecskéd
6%
Nógrád Keszeg
6%
Borsod-Abaúj-Zemplén Kisgyőr
6%
Pest Kocsér
6%
Komárom-Esztergom Környe
6%
Jász-Nagykun-Szolnok Kőtelek
6%
Csongrád-Csanád Kübekháza
6%
Bács-Kiskun Kunbaja
6%
Bács-Kiskun Ladánybene
6%
Veszprém Lesencetomaj
6%
Nógrád Mátramindszent
6%
Nógrád Mátraszőlős
6%
Fejér Mezőfalva
6%
Győr-Moson-Sopron Mezőörs
6%
Heves Mónosbél
6%
Győr-Moson-Sopron Mosonszentmiklós
6%
Fejér Nadap
6%
Heves Nagytálya
6%
Vas Nick
6%
Borsod-Abaúj-Zemplén Onga
6%
Nógrád Őrhalom
6%
Vas Ostffyasszonyfa
6%
Hajdú-Bihar Pocsaj
6%
Baranya Pogány
6%
Pest Püspökszilágy
6%
Jász-Nagykun-Szolnok Rákócziújfalu
6%
Zala Rédics
6%
Hajdú-Bihar Sáp
6%
Fejér Sárosd
6%
Hajdú-Bihar Sárrétudvari
6%
Somogy Somogybabod
6%
Somogy Somogyszob
6%
Vas Szalafő
6%
Tolna Szálka
6%
Borsod-Abaúj-Zemplén Szalonna
6%
Heves Szúcs
6%
Heves Szűcsi
6%
Nógrád Szuha
6%
Borsod-Abaúj-Zemplén Tarcal
6%
Komárom-Esztergom Tardos
6%
Heves Tarnabod
6%
Heves Tarnalelesz
6%
Heves Tarnaméra
6%
Heves Tarnaörs
6%
Heves Tarnaszentmária
6%
Heves Tenk
6%
Hajdú-Bihar Tetétlen
6%
Szabolcs-Szatmár-Bereg Tiszaeszlár
6%
Jász-Nagykun-Szolnok Tiszagyenda
6%
Jász-Nagykun-Szolnok Tiszainoka
6%
Jász-Nagykun-Szolnok Tiszapüspöki
6%
Jász-Nagykun-Szolnok Tiszaszentimre
6%
Heves Tófalu
6%
Borsod-Abaúj-Zemplén Tornanádaska
6%
Zala Tornyiszentmiklós
6%
Jász-Nagykun-Szolnok Tószeg
6%
Szabolcs-Szatmár-Bereg Tyukod
6%
Csongrád-Csanád Üllés
6%
Veszprém Úrkút
6%
Veszprém Uzsa
6%
Szabolcs-Szatmár-Bereg Vaja
6%
Fejér Vereb
6%
Pest Verseg
6%
Fejér Vértesboglár
6%
Komárom-Esztergom Vértestolna
6%
Veszprém Veszprémfajsz
6%
Somogy Vörs
6%
Nógrád Zabar
6%
Somogy Zákány
6%
Komárom-Esztergom Ácsteszér
5%
Fejér Alap
5%
Hajdú-Bihar Álmosd
5%
Baranya Alsómocsolád
5%
Vas Apátistvánfalva
5%
Borsod-Abaúj-Zemplén Arló
5%
Komárom-Esztergom Ászár
5%
Heves Átány
5%
Bács-Kiskun Bácsborsód
5%
Fejér Bakonycsernye
5%
Veszprém Bakonyszentkirály
5%
Csongrád-Csanád Baks
5%
Veszprém Balatoncsicsó
5%
Somogy Balatonendréd
5%
Hajdú-Bihar Báránd
5%
Somogy Bélavár
5%
Pest Bénye
5%
Győr-Moson-Sopron Bezenye
5%
Békés Biharugra
5%
Vas Boba
5%
Bács-Kiskun Bócsa
5%
Tolna Bogyiszló
5%
Nógrád Borsosberény
5%
Békés Bucsa
5%
Baranya Bükkösd
5%
Heves Bükkszenterzsébet
5%
Heves Bükkszentmárton
5%
Nógrád Cered
5%
Fejér Csákberény
5%
Szabolcs-Szatmár-Bereg Csengersima
5%
Jász-Nagykun-Szolnok Csépa
5%
Komárom-Esztergom Dág
5%
Szabolcs-Szatmár-Bereg Darnó
5%
Borsod-Abaúj-Zemplén Dédestapolcsány
5%
Fejér Dég
5%
Bács-Kiskun Dunaegyháza
5%
Komárom-Esztergom Dunaszentmiklós
5%
Győr-Moson-Sopron Dunaszentpál
5%
Nógrád Ecseg
5%
Győr-Moson-Sopron Enese
5%
Nógrád Erdőkürt
5%
Hajdú-Bihar Esztár
5%
Csongrád-Csanád Fábiánsebestyén
5%
Borsod-Abaúj-Zemplén Fáj
5%
Győr-Moson-Sopron Fehértó
5%
Tolna Felsőnyék
5%
Csongrád-Csanád Ferencszállás
5%
Győr-Moson-Sopron Fertőhomok
5%
Győr-Moson-Sopron Fertőszéplak
5%
Csongrád-Csanád Földeák
5%
Bács-Kiskun Fülöpháza
5%
Békés Gádoros
5%
Zala Galambok
5%
Veszprém Gic
5%
Borsod-Abaúj-Zemplén Hernádkak
5%
Heves Hevesaranyos
5%
Veszprém Hidegkút
5%
Baranya Hosszúhetény
5%
Békés Hunya
5%
Győr-Moson-Sopron Ikrény
5%
Tolna Iregszemcse
5%
Nógrád Jobbágyi
5%
Borsod-Abaúj-Zemplén Kács
5%
Nógrád Karancsság
5%
Békés Kardoskút
5%
Pest Káva
5%
Szabolcs-Szatmár-Bereg Kemecse
5%
Heves Kerekharaszt
5%
Győr-Moson-Sopron Kimle
5%
Veszprém Kisapáti
5%
Tolna Kisszékely
5%
Baranya Kölked
5%
Baranya Kővágószőlős
5%
Bács-Kiskun Kunfehértó
5%
Baranya Lánycsók
5%
Veszprém Lesenceistvánd
5%
Veszprém Litér
5%
Nógrád Litke
5%
Veszprém Lókút
5%
Győr-Moson-Sopron Lövő
5%
Bács-Kiskun Madaras
5%
Baranya Mágocs
5%
Csongrád-Csanád Magyarcsanád
5%
Borsod-Abaúj-Zemplén Makkoshotyka
5%
Baranya Mánfa
5%
Csongrád-Csanád Maroslele
5%
Csongrád-Csanád Mártély
5%
Heves Mátraballa
5%
Baranya Matty
5%
Heves Mezőszemere
5%
Fejér Mezőszilas
5%
Komárom-Esztergom Mocsa
5%
Borsod-Abaúj-Zemplén Monok
5%
Hajdú-Bihar Monostorpályi
5%
Zala Murakeresztúr
5%
Békés Murony
5%
Heves Nagyfüged
5%
Hajdú-Bihar Nagyhegyes
5%
Jász-Nagykun-Szolnok Nagykörű
5%
Tolna Nagyszékely
5%
Heves Nagyvisnyó
5%
Veszprém Nemesgulács
5%
Nógrád Nézsa
5%
Nógrád Nógrádkövesd
5%
Hajdú-Bihar Nyíracsád
5%
Szabolcs-Szatmár-Bereg Nyírbogát
5%
Szabolcs-Szatmár-Bereg Nyírmeggyes
5%
Tolna Őcsény
5%
Szabolcs-Szatmár-Bereg Ófehértó
5%
Borsod-Abaúj-Zemplén Ónod
5%
Vas Orfalu
5%
Nógrád Palotás
5%
Veszprém Papkeszi
5%
Baranya Pellérd
5%
Heves Pély
5%
Csongrád-Csanád Pitvaros
5%
Tolna Pörböly
5%
Fejér Pusztavám
5%
Vas Rábahídvég
5%
Győr-Moson-Sopron Rábapatona
5%
Vas Rábapaty
5%
Nógrád Rákóczibánya
5%
Borsod-Abaúj-Zemplén Répáshuta
5%
Vas Rum
5%
Csongrád-Csanád Ruzsa
5%
Somogy Ságvár
5%
Borsod-Abaúj-Zemplén Sajóbábony
5%
Hajdú-Bihar Sáránd
5%
Fejér Sáregres
5%
Fejér Sárszentágota
5%
Heves Szajla
5%
Vas Szentpéterfa
5%
Heves Szihalom
5%
Nógrád Szirák
5%
Nógrád Szügy
5%
Veszprém Taliándörögd
5%
Somogy Taszár
5%
Békés Telekgerendás
5%
Borsod-Abaúj-Zemplén Tiszabábolna
5%
Jász-Nagykun-Szolnok Tiszakürt
5%
Jász-Nagykun-Szolnok Tiszasas
5%
Jász-Nagykun-Szolnok Tiszatenyő
5%
Csongrád-Csanád Tömörkény
5%
Veszprém Tótvázsony
5%
Baranya Udvar
5%
Csongrád-Csanád Újszentiván
5%
Bács-Kiskun Városföld
5%
Nógrád Varsány
5%
Bács-Kiskun Vaskút
5%
Vas Velemér
5%
Győr-Moson-Sopron Vitnyéd
5%
Zala Zalacsány
5%
Zala Zalaszántó
5%
Zala Zalaszentlászló
5%
Csongrád-Csanád Zsombó
5%
Bács-Kiskun Ágasegyháza
4%
Tolna Alsónyék
4%
Nógrád Alsótold
4%
Bács-Kiskun Apostag
4%
Győr-Moson-Sopron Ásványráró
4%
Somogy Babócsa
4%
Veszprém Bakonyjákó
4%
Veszprém Bakonynána
4%
Komárom-Esztergom Bakonysárkány
4%
Veszprém Balatonhenye
4%
Somogy Balatonszabadi
4%
Szabolcs-Szatmár-Bereg Balkány
4%
Bács-Kiskun Ballószög
4%
Nógrád Bárna
4%
Zala Bázakerettye
4%
Veszprém Bazsi
4%
Somogy Berzence
4%
Heves Boconád
4%
Borsod-Abaúj-Zemplén Bódvaszilas
4%
Hajdú-Bihar Bojt
4%
Borsod-Abaúj-Zemplén Borsodivánka
4%
Vas Bozsok
4%
Borsod-Abaúj-Zemplén Bükkzsérc
4%
Vas Chernelházadamonya
4%
Somogy Csákány
4%
Vas Csákánydoroszló
4%
Békés Csanádapáca
4%
Csongrád-Csanád Csanytelek
4%
Borsod-Abaúj-Zemplén Cserépváralja
4%
Nógrád Cserháthaláp
4%
Somogy Darány
4%
Győr-Moson-Sopron Darnózseli
4%
Hajdú-Bihar Darvas
4%
Tolna Decs
4%
Csongrád-Csanád Dóc
4%
Szabolcs-Szatmár-Bereg Dombrád
4%
Bács-Kiskun Dunatetétlen
4%
Bács-Kiskun Dusnok
4%
Borsod-Abaúj-Zemplén Egerlövő
4%
Vas Egyházasrádóc
4%
Fejér Előszállás
4%
Szabolcs-Szatmár-Bereg Encsencs
4%
Borsod-Abaúj-Zemplén Erdőbénye
4%
Heves Erk
4%
Bács-Kiskun Érsekcsanád
4%
Baranya Erzsébet
4%
Bács-Kiskun Fajsz
4%
Bács-Kiskun Felsőlajos
4%
Somogy Felsőmocsolád
4%
Nógrád Felsőtold
4%
Győr-Moson-Sopron Fertőboz
4%
Hajdú-Bihar Furta
4%
Borsod-Abaúj-Zemplén Füzérradvány
4%
Szabolcs-Szatmár-Bereg Garbolc
4%
Győr-Moson-Sopron Győrasszonyfa
4%
Győr-Moson-Sopron Gyóró
4%
Győr-Moson-Sopron Győrszemere
4%
Győr-Moson-Sopron Győrzámoly
4%
Hajdú-Bihar Hajdúbagos
4%
Borsod-Abaúj-Zemplén Háromhuta
4%
Veszprém Hárskút
4%
Győr-Moson-Sopron Hédervár
4%
Veszprém Hegymagas
4%
Hajdú-Bihar Hencida
4%
Borsod-Abaúj-Zemplén Hernádnémeti
4%
Nógrád Horpács
4%
Zala Iklódbördőce
4%
Fejér Iszkaszentgyörgy
4%
Szabolcs-Szatmár-Bereg Kállósemjén
4%
Veszprém Karakószörcsök
4%
Nógrád Karancskeszi
4%
Győr-Moson-Sopron Károlyháza
4%
Nógrád Kazár
4%
Somogy Kelevíz
4%
Jász-Nagykun-Szolnok Kengyel
4%
Hajdú-Bihar Kismarja
4%
Baranya Kökény
4%
Szabolcs-Szatmár-Bereg Kölcse
4%
Győr-Moson-Sopron Kópháza
4%
Békés Kunágota
4%
Jász-Nagykun-Szolnok Kuncsorba
4%
Bács-Kiskun Kunszállás
4%
Győr-Moson-Sopron Lázi
4%
Győr-Moson-Sopron Lipót
4%
Szabolcs-Szatmár-Bereg Lónya
4%
Nógrád Ludányhalászi
4%
Vas Lukácsháza
4%
Baranya Magyarhertelend
4%
Baranya Majs
4%
Győr-Moson-Sopron Máriakálnok
4%
Nógrád Mátraszele
4%
Nógrád Mátraterenye
4%
Békés Medgyesbodzás
4%
Veszprém Megyer
4%
Somogy Mesztegnyő
4%
Fejér Mezőkomárom
4%
Heves Mezőtárkány
4%
Borsod-Abaúj-Zemplén Mezőzombor
4%
Bács-Kiskun Miske
4%
Borsod-Abaúj-Zemplén Mogyoróska
4%
Nógrád Mohora
4%
Vas Nádasd
4%
Szabolcs-Szatmár-Bereg Nagyar
4%
Tolna Nagydorog
4%
Baranya Nagyharsány
4%
Borsod-Abaúj-Zemplén Nagyhuta
4%
Jász-Nagykun-Szolnok Nagyiván
4%
Vas Nagyrákos
4%
Heves Nagyút
4%
Fejér Nagyvenyim
4%
Tolna Németkér
4%
Nógrád Nógrádmegyer
4%
Nógrád Nógrádsipek
4%
Hajdú-Bihar Nyírmártonfalva
4%
Fejér Óbarok
4%
Csongrád-Csanád Óföldeák
4%
Somogy Öreglak
4%
Nógrád Ősagárd
4%
Veszprém Ősi
4%
Zala Pacsa
4%
Heves Pálosvörösmart
4%
Fejér Pátka
4%
Veszprém Pécsely
4%
Veszprém Pétfürdő
4%
Baranya Pettend
4%
Zala Pölöske
4%
Vas Rábatöttös
4%
Veszprém Raposka
4%
Nógrád Rimóc
4%
Heves Rózsaszentmárton
4%
Fejér Sárkeresztes
4%
Fejér Sárszentmihály
4%
Somogy Sávoly
4%
Bács-Kiskun Soltszentimre
4%
Veszprém Somlóvásárhely
4%
Somogy Somogyacsa
4%
Somogy Somogyaszaló
4%
Fejér Szabadegyháza
4%
Baranya Szajk
4%
Nógrád Szarvasgede
4%
Baranya Szászvár
4%
Szabolcs-Szatmár-Bereg Szatmárcseke
4%
Vas Szeleste
4%
Jász-Nagykun-Szolnok Szelevény
4%
Somogy Szenna
4%
Veszprém Szentjakabfa
4%
Győr-Moson-Sopron Szilsárkány
4%
Borsod-Abaúj-Zemplén Szirmabesenyő
4%
Borsod-Abaúj-Zemplén Szögliget
4%
Baranya Szőke
4%
Somogy Szólád
4%
Borsod-Abaúj-Zemplén Szomolya
4%
Borsod-Abaúj-Zemplén Tállya
4%
Heves Tarnaszentmiklós
4%
Szabolcs-Szatmár-Bereg Tarpa
4%
Borsod-Abaúj-Zemplén Telkibánya
4%
Tolna Tengelic
4%
Hajdú-Bihar Tépe
4%
Nógrád Terény
4%
Jász-Nagykun-Szolnok Tiszajenő
4%
Borsod-Abaúj-Zemplén Tiszakeszi
4%
Borsod-Abaúj-Zemplén Tiszalúc
4%
Jász-Nagykun-Szolnok Tiszasüly
4%
Jász-Nagykun-Szolnok Tiszaszőlős
4%
Jász-Nagykun-Szolnok Tiszavárkony
4%
Nógrád Tolmács
4%
Jász-Nagykun-Szolnok Tomajmonostora
4%
Szabolcs-Szatmár-Bereg Túristvándi
4%
Szabolcs-Szatmár-Bereg Tuzsér
4%
Heves Újlőrincfalva
4%
Komárom-Esztergom Úny
4%
Tolna Váralja
4%
Győr-Moson-Sopron Vének
4%
Fejér Vértesacsa
4%
Komárom-Esztergom Vérteskethely
4%
Veszprém Vigántpetend
4%
Heves Visznek
4%
Nógrád Vizslás
4%
Csongrád-Csanád Zákányszék
4%
Veszprém Zalahaláp
4%
Zala Zalaszentbalázs
4%
Zala Zalaszentjakab
4%
Békés Zsadány
4%
Hajdú-Bihar Zsáka
4%
Borsod-Abaúj-Zemplén Abaújlak
3%
Borsod-Abaúj-Zemplén Abaújvár
3%
Vas Acsád
3%
Baranya Almamellék
3%
Tolna Alsónána
3%
Fejér Alsószentiván
3%
Csongrád-Csanád Ambrózfalva
3%
Vas Andrásfa
3%
Komárom-Esztergom Annavölgy
3%
Borsod-Abaúj-Zemplén Arnót
3%
Csongrád-Csanád Árpádhalom
3%
Baranya Babarc
3%
Hajdú-Bihar Bakonszeg
3%
Veszprém Bakonykoppány
3%
Fejér Bakonykúti
3%
Veszprém Bakonyság
3%
Baranya Baksa
3%
Somogy Balatonújlak
3%
Fejér Balinka
3%
Vas Balogunyom
3%
Veszprém Bánd
3%
Tolna Bátaapáti
3%
Zala Batyk
3%
Zala Becsehely
3%
Nógrád Becske
3%
Hajdú-Bihar Bedő
3%
Veszprém Békás
3%
Borsod-Abaúj-Zemplén Bekecs
3%
Heves Bekölce
3%
Borsod-Abaúj-Zemplén Berente
3%
Baranya Bicsérd
3%
Hajdú-Bihar Bihardancsháza
3%
Baranya Bikal
3%
Szabolcs-Szatmár-Bereg Biri
3%
Borsod-Abaúj-Zemplén Bodrogolaszi
3%
Vas Bögöt
3%
Vas Bögöte
3%
Somogy Bonnya
3%
Győr-Moson-Sopron Börcs
3%
Csongrád-Csanád Bordány
3%
Veszprém Borszörcsök
3%
Baranya Botykapeterd
3%
Borsod-Abaúj-Zemplén Bükkaranyos
3%
Vas Cák
3%
Fejér Csabdi
3%
Veszprém Csabrendek
3%
Csongrád-Csanád Csanádalberti
3%
Békés Csárdaszállás
3%
Nógrád Csécse
3%
Veszprém Csehbánya
3%
Nógrád Cserhátsurány
3%
Zala Cserszegtomaj
3%
Zala Csesztreg
3%
Nógrád Csesztve
3%
Bács-Kiskun Csikéria
3%
Hajdú-Bihar Csökmő
3%
Somogy Csömend
3%
Zala Csömödér
3%
Fejér Csősz
3%
Bács-Kiskun Dávod
3%
Csongrád-Csanád Derekegyház
3%
Veszprém Döbrönte
3%
Borsod-Abaúj-Zemplén Domaháza
3%
Békés Dombegyház
3%
Nógrád Dorogháza
3%
Baranya Drávakeresztúr
3%
Baranya Drávasztára
3%
Győr-Moson-Sopron Dunaremete
3%
Bács-Kiskun Dunaszentbenedek
3%
Békés Ecsegfalva
3%
Baranya Egerág
3%
Vas Egervölgy
3%
Heves Erdőkövesd
3%
Győr-Moson-Sopron Farád
3%
Győr-Moson-Sopron Feketeerdő
3%
Tolna Felsőnána
3%
Győr-Moson-Sopron Fenyőfő
3%
Bács-Kiskun Foktő
3%
Hajdú-Bihar Folyás
3%
Somogy Fonó
3%
Csongrád-Csanád Forráskút
3%
Bács-Kiskun Fülöpjakab
3%
Borsod-Abaúj-Zemplén Füzérkajata
3%
Hajdú-Bihar Gáborján
3%
Nógrád Garáb
3%
Bács-Kiskun Gátér
3%
Zala Gelse
3%
Békés Gerendás
3%
Baranya Geresdlak
3%
Tolna Gerjen
3%
Borsod-Abaúj-Zemplén Gömörszőlős
3%
Szabolcs-Szatmár-Bereg Gulács
3%
Győr-Moson-Sopron Gyömöre
3%
Vas Gyöngyösfalu
3%
Veszprém Gyulakeszi
3%
Zala Hahót
3%
Borsod-Abaúj-Zemplén Hangony
3%
Fejér Hantos
3%
Nógrád Héhalom
3%
Borsod-Abaúj-Zemplén Hejőpapi
3%
Komárom-Esztergom Héreg
3%
Somogy Hetes
3%
Baranya Hetvehely
3%
Bács-Kiskun Homokmégy
3%
Baranya Homorúd
3%
Vas Hosszúpereszteg
3%
Jász-Nagykun-Szolnok Hunyadfalva
3%
Baranya Ibafa
3%
Zala Iborfia
3%
Somogy Iharos
3%
Somogy Iharosberény
3%
Vas Ikervár
3%
Nógrád Iliny
3%
Borsod-Abaúj-Zemplén Ináncs
3%
Heves Ivád
3%
Baranya Ivándárda
3%
Veszprém Jásd
3%
Bács-Kiskun Jászszentlászló
3%
Fejér Jenő
3%
Somogy Kadarkút
3%
Szabolcs-Szatmár-Bereg Kálmánháza
3%
Fejér Káloz
3%
Borsod-Abaúj-Zemplén Kány
3%
Somogy Kaposhomok
3%
Tolna Kapospula
3%
Tolna Kaposszekcső
3%
Somogy Karád
3%
Nógrád Karancsalja
3%
Békés Kaszaper
3%
Baranya Kémes
3%
Tolna Keszőhidegkút
3%
Nógrád Kétbodony
3%
Vas Kétvölgy
3%
Békés Kevermes
3%
Veszprém Királyszentistván
3%
Fejér Kisapostag
3%
Szabolcs-Szatmár-Bereg Kisar
3%
Tolna Kisdorog
3%
Nógrád Kishartyán
3%
Borsod-Abaúj-Zemplén Kishuta
3%
Veszprém Kislőd
3%
Vas Kisrákos
3%
Szabolcs-Szatmár-Bereg Kocsord
3%
Hajdú-Bihar Kokad
3%
Komárom-Esztergom Kömlőd
3%
Szabolcs-Szatmár-Bereg Komoró
3%
Szabolcs-Szatmár-Bereg Kömörő
3%
Békés Köröstarcsa
3%
Csongrád-Csanád Kövegy
3%
Bács-Kiskun Kunadacs
3%
Veszprém Küngös
3%
Bács-Kiskun Kunpeszér
3%
Győr-Moson-Sopron Kunsziget
3%
Veszprém Kup
3%
Tolna Kurd
3%
Somogy Kutas
3%
Nógrád Legénd
3%
Veszprém Lesencefalu
3%
Szabolcs-Szatmár-Bereg Levelek
3%
Vas Lócs
3%
Zala Lovászi
3%
Vas Magyarlak
3%
Veszprém Magyarpolány
3%
Vas Magyarszecsőd
3%
Pest Majosháza
3%
Borsod-Abaúj-Zemplén Mályinka
3%
Baranya Márok
3%
Szabolcs-Szatmár-Bereg Mátyus
3%
Veszprém Mencshely
3%
Jász-Nagykun-Szolnok Mesterszállás
3%
Jász-Nagykun-Szolnok Mezőhék
3%
Borsod-Abaúj-Zemplén Mezőnyárád
3%
Hajdú-Bihar Mezőpeterd
3%
Fejér Mezőszentgyörgy
3%
Tolna Mőcsény
3%
Komárom-Esztergom Mogyorósbánya
3%
Vas Molnaszecsőd
3%
Tolna Mórágy
3%
Borsod-Abaúj-Zemplén Múcsony
3%
Zala Murarátka
3%
Somogy Nagyberény
3%
Csongrád-Csanád Nagyér
3%
Baranya Nagykozár
3%
Nógrád Nagylóc
3%
Fejér Nagylók
3%
Csongrád-Csanád Nagymágocs
3%
Tolna Nagymányok
3%
Baranya Nagypeterd
3%
Hajdú-Bihar Nagyrábé
3%
Jász-Nagykun-Szolnok Nagyrév
3%
Komárom-Esztergom Nagysáp
3%
Békés Nagyszénás
3%
Csongrád-Csanád Nagytőke
3%
Tolna Nak
3%
Baranya Nemeske
3%
Győr-Moson-Sopron Nemeskér
3%
Vas Nemesmedves
3%
Bács-Kiskun Nemesnádudvar
3%
Vas Nemesrempehollós
3%
Veszprém Németbánya
3%
Nógrád Nógrádsáp
3%
Borsod-Abaúj-Zemplén Novajidrány
3%
Győr-Moson-Sopron Nyalka
3%
Veszprém Nyárád
3%
Bács-Kiskun Nyárlőrinc
3%
Szabolcs-Szatmár-Bereg Nyírmada
3%
Baranya Óbánya
3%
Veszprém Óbudavár
3%
Baranya Ófalu
3%
Békés Okány
3%
Szabolcs-Szatmár-Bereg Ököritófülpös
3%
Bács-Kiskun Orgovány
3%
Békés Örménykút
3%
Veszprém Oroszi
3%
Somogy Őrtilos
3%
Csongrád-Csanád Öttömös
3%
Zala Páka
3%
Tolna Pálfa
3%
Baranya Palkonya
3%
Veszprém Pénzesgyőr
3%
Győr-Moson-Sopron Pereszteg
3%
Borsod-Abaúj-Zemplén Perkupa
3%
Győr-Moson-Sopron Petőháza
3%
Vas Pinkamindszent
3%
Veszprém Porva
3%
Nógrád Pusztaberki
3%
Borsod-Abaúj-Zemplén Pusztafalu
3%
Csongrád-Csanád Pusztamérges
3%
Győr-Moson-Sopron Rábatamási
3%
Borsod-Abaúj-Zemplén Rakaca
3%
Győr-Moson-Sopron Ravazd
3%
Borsod-Abaúj-Zemplén Regéc
3%
Győr-Moson-Sopron Röjtökmuzsaj
3%
Vas Rönök
3%
Nógrád Ságújfalu
3%
Borsod-Abaúj-Zemplén Sajókaza
3%
Borsod-Abaúj-Zemplén Sajólád
3%
Borsod-Abaúj-Zemplén Sály
3%
Békés Sarkadkeresztúr
3%
Győr-Moson-Sopron Sarród
3%
Tolna Sárszentlőrinc
3%
Borsod-Abaúj-Zemplén Sáta
3%
Baranya Sátorhely
3%
Borsod-Abaúj-Zemplén Sima
3%
Tolna Sióagárd
3%
Zala Söjtör
3%
Somogy Somogyszentpál
3%
Győr-Moson-Sopron Sopronhorpács
3%
Győr-Moson-Sopron Sopronnémeti
3%
Vas Sótony
3%
Fejér Szabadhídvég
3%
Somogy Szabadi
3%
Tolna Szakály
3%
Győr-Moson-Sopron Szakony
3%
Nógrád Szanda
3%
Győr-Moson-Sopron Szany
3%
Jász-Nagykun-Szolnok Szászberek
3%
Nógrád Szátok
3%
Baranya Szava
3%
Nógrád Szécsénke
3%
Nógrád Szécsényfelfalu
3%
Baranya Szederkény
3%
Tolna Szedres
3%
Borsod-Abaúj-Zemplén Szegi
3%
Szabolcs-Szatmár-Bereg Székely
3%
Borsod-Abaúj-Zemplén Szendrőlád
3%
Veszprém Szentantalfa
3%
Somogy Szentbalázs
3%
Hajdú-Bihar Szentpéterszeg
3%
Somogy Szenyér
3%
Zala Szepetnek
3%
Hajdú-Bihar Szerep
3%
Baranya Szilágy
3%
Baranya Szőkéd
3%
Komárom-Esztergom Szomód
3%
Fejér Tabajd
3%
Szabolcs-Szatmár-Bereg Tákos
3%
Borsod-Abaúj-Zemplén Taktaszada
3%
Bács-Kiskun Tataháza
3%
Tolna Tevel
3%
Szabolcs-Szatmár-Bereg Tiszaadony
3%
Szabolcs-Szatmár-Bereg Tiszadada
3%
Szabolcs-Szatmár-Bereg Tiszamogyorós
3%
Borsod-Abaúj-Zemplén Tiszapalkonya
3%
Szabolcs-Szatmár-Bereg Tiszatelek
3%
Borsod-Abaúj-Zemplén Tiszavalk
3%
Szabolcs-Szatmár-Bereg Tivadar
3%
Borsod-Abaúj-Zemplén Tolcsva
3%
Hajdú-Bihar Told
3%
Tolna Tolnanémedi
3%
Győr-Moson-Sopron Töltéstava
3%
Borsod-Abaúj-Zemplén Tornakápolna
3%
Borsod-Abaúj-Zemplén Tornaszentandrás
3%
Vas Torony
3%
Zala Tótszerdahely
3%
Baranya Töttös
3%
Veszprém Ugod
3%
Hajdú-Bihar Újiráz
3%
Hajdú-Bihar Újléta
3%
Békés Újszalonta
3%
Győr-Moson-Sopron Und
3%
Borsod-Abaúj-Zemplén Uppony
3%
Baranya Vajszló
3%
Fejér Vajta
3%
Heves Váraszó
3%
Győr-Moson-Sopron Várbalog
3%
Borsod-Abaúj-Zemplén Varbó
3%
Somogy Várda
3%
Baranya Vásárosdombó
3%
Vas Vaskeresztes
3%
Vas Vasszentmihály
3%
Veszprém Vászoly
3%
Borsod-Abaúj-Zemplén Vatta
3%
Baranya Véménd
3%
Jász-Nagykun-Szolnok Vezseny
3%
Baranya Villánykövesd
3%
Somogy Vízvár
3%
Szabolcs-Szatmár-Bereg Zajta
3%
Zala Zalaapáti
3%
Zala Zalabér
3%
Zala Zalaszabar
3%
Zala Zalaszentmárton
3%
Heves Zaránk
3%
Borsod-Abaúj-Zemplén Zemplénagárd
3%
Bács-Kiskun Zsana
3%
Győr-Moson-Sopron Zsira
3%
Borsod-Abaúj-Zemplén Abaújkér
2%
Győr-Moson-Sopron Acsalag
2%
Somogy Ádánd
2%
Borsod-Abaúj-Zemplén Alacska
2%
Baranya Alsószentmárton
2%
Borsod-Abaúj-Zemplén Alsóvadász
2%
Szabolcs-Szatmár-Bereg Anarcs
2%
Somogy Andocs
2%
Tolna Aparhant
2%
Borsod-Abaúj-Zemplén Ároktő
2%
Bács-Kiskun Bácsszentgyörgy
2%
Győr-Moson-Sopron Bágyogszovát
2%
Baranya Bakonya
2%
Komárom-Esztergom Bakonybánk
2%
Győr-Moson-Sopron Bakonypéterd
2%
Veszprém Bakonypölöske
2%
Veszprém Bakonyszentiván
2%
Bács-Kiskun Balotaszállás
2%
Somogy Bálványos
2%
Szabolcs-Szatmár-Bereg Barabás
2%
Komárom-Esztergom Bársonyos
2%
Veszprém Béb
2%
Tolna Belecska
2%
Zala Belezna
2%
Békés Bélmegyer
2%
Szabolcs-Szatmár-Bereg Beregdaróc
2%
Hajdú-Bihar Berekböszörmény
2%
Hajdú-Bihar Bihartorda
2%
Tolna Bikács
2%
Zala Böde
2%
Fejér Bodmér
2%
Borsod-Abaúj-Zemplén Bódvalenke
2%
Borsod-Abaúj-Zemplén Bódvarákó
2%
Baranya Bogád
2%
Szabolcs-Szatmár-Bereg Bököny
2%
Borsod-Abaúj-Zemplén Boldva
2%
Somogy Bolhás
2%
Tolna Bonyhádvarasd
2%
Somogy Bőszénfa
2%
Bács-Kiskun Bugacpusztaháza
2%
Somogy Buzsák
2%
Tolna Cikó
2%
Békés Csabaszabadi
2%
Győr-Moson-Sopron Csáfordjánosfa
2%
Szabolcs-Szatmár-Bereg Csaroda
2%
Bács-Kiskun Császártöltés
2%
Jász-Nagykun-Szolnok Csataszög
2%
Komárom-Esztergom Csatka
2%
Bács-Kiskun Csávoly
2%
Bács-Kiskun Csengőd
2%
Vas Csénye
2%
Borsod-Abaúj-Zemplén Csenyéte
2%
Baranya Cserdi
2%
Nógrád Cserhátszentiván
2%
Baranya Cserkút
2%
Nógrád Csitár
2%
Somogy Csokonyavisonta
2%
Bács-Kiskun Csólyospálos
2%
Zala Csörnyeföld
2%
Vas Csörötnek
2%
Veszprém Csót
2%
Fejér Daruszentmiklós
2%
Győr-Moson-Sopron Dénesfa
2%
Tolna Döbrököz
2%
Vas Dozmat
2%
Baranya Drávafok
2%
Baranya Drávaszerdahely
2%
Veszprém Dudar
2%
Vas Duka
2%
Bács-Kiskun Dunafalva
2%
Veszprém Egeralja
2%
Zala Egervár
2%
Győr-Moson-Sopron Egyed
2%
Nógrád Egyházasgerge
2%
Vas Egyházashollós
2%
Baranya Egyházaskozár
2%
Nógrád Endrefalva
2%
Szabolcs-Szatmár-Bereg Eperjeske
2%
Borsod-Abaúj-Zemplén Erdőhorváti
2%
Zala Eszteregnye
2%
Nógrád Etes
2%
Tolna Fácánkert
2%
Heves Fedémes
2%
Vas Felsőcsatár
2%
Bács-Kiskun Felsőszentiván
2%
Baranya Felsőszentmárton
2%
Szabolcs-Szatmár-Bereg Fényeslitke
2%
Veszprém Ganna
2%
Borsod-Abaúj-Zemplén Garadna
2%
Vas Gasztony
2%
Szabolcs-Szatmár-Bereg Gávavencsellő
2%
Szabolcs-Szatmár-Bereg Géberjén
2%
Veszprém Gecse
2%
Zala Gellénháza
2%
Vas Gencsapáti
2%
Borsod-Abaúj-Zemplén Gesztely
2%
Szabolcs-Szatmár-Bereg Geszteréd
2%
Baranya Gödre
2%
Borsod-Abaúj-Zemplén Göncruszka
2%
Baranya Görcsöny
2%
Tolna Györe
2%
Győr-Moson-Sopron Győrladamér
2%
Szabolcs-Szatmár-Bereg Győröcske
2%
Győr-Moson-Sopron Győrság
2%
Szabolcs-Szatmár-Bereg Győrtelek
2%
Szabolcs-Szatmár-Bereg Gyulaháza
2%
Tolna Gyulaj
2%
Veszprém Halimba
2%
Borsod-Abaúj-Zemplén Harsány
2%
Vas Hegyfalu
2%
Győr-Moson-Sopron Hegykő
2%
Borsod-Abaúj-Zemplén Hejce
2%
Borsod-Abaúj-Zemplén Hercegkút
2%
Nógrád Herencsény
2%
Borsod-Abaúj-Zemplén Hernádszurdok
2%
Győr-Moson-Sopron Hidegség
2%
Borsod-Abaúj-Zemplén Hidvégardó
2%
Baranya Himesháza
2%
Szabolcs-Szatmár-Bereg Hodász
2%
Somogy Hollád
2%
Vas Horvátzsidány
2%
Szabolcs-Szatmár-Bereg Ilk
2%
Borsod-Abaúj-Zemplén Imola
2%
Somogy Inke
2%
Fejér Isztimér
2%
Vas Jákfa
2%
Szabolcs-Szatmár-Bereg Jánd
2%
Szabolcs-Szatmár-Bereg Jánkmajtis
2%
Borsod-Abaúj-Zemplén Járdánháza
2%
Baranya Kacsóta
2%
Vas Káld
2%
Békés Kamut
2%
Somogy Kaposkeresztúr
2%
Somogy Kaposújlak
2%
Nógrád Karancsberény
2%
Baranya Kárász
2%
Bács-Kiskun Kaskantyú
2%
Somogy Kaszó
2%
Borsod-Abaúj-Zemplén Kéked
2%
Baranya Kékesd
2%
Zala Kemendollár
2%
Vas Kemestaródfa
2%
Vas Kenéz
2%
Komárom-Esztergom Kerékteleki
2%
Veszprém Kerta
2%
Békés Kertészsziget
2%
Baranya Keszü
2%
Békés Kétsoprony
2%
Fejér Kincsesbánya
2%
Győr-Moson-Sopron Kisbajcs
2%
Nógrád Kisbárkány
2%
Győr-Moson-Sopron Kisbodak
2%
Győr-Moson-Sopron Kisfalud
2%
Heves Kisfüzes
2%
Baranya Kisharsány
2%
Fejér Kisláng
2%
Baranya Kislippó
2%
Tolna Kismányok
2%
Borsod-Abaúj-Zemplén Kissikátor
2%
Bács-Kiskun Kisszállás
2%
Veszprém Kisszőlős
2%
Borsod-Abaúj-Zemplén Kistokaj
2%
Vas Kisunyom
2%
Vas Kiszsidány
2%
Somogy Komlósd
2%
Hajdú-Bihar Konyár
2%
Békés Körösnagyharsány
2%
Hajdú-Bihar Körösszakál
2%
Hajdú-Bihar Körösszegapáti
2%
Békés Körösújfalu
2%
Fejér Kőszárhegy
2%
Vas Kőszegszerdahely
2%
Nógrád Kozárd
2%
Veszprém Külsővat
2%
Somogy Látrány
2%
Zala Lendvadedes
2%
Fejér Magyaralmás
2%
Békés Magyarbánhegyes
2%
Békés Magyardombegyház
2%
Hajdú-Bihar Magyarhomorog
2%
Nógrád Magyarnándor
2%
Baranya Magyarszék
2%
Vas Magyarszombatfa
2%
Komárom-Esztergom Máriahalom
2%
Nógrád Márkháza
2%
Baranya Martonfa
2%
Fejér Mátyásdomb
2%
Baranya Máza
2%
Tolna Medina
2%
Szabolcs-Szatmár-Bereg Méhtelek
2%
Borsod-Abaúj-Zemplén Méra
2%
Szabolcs-Szatmár-Bereg Mérk
2%
Somogy Mernye
2%
Békés Mezőgyán
2%
Veszprém Mezőlak
2%
Borsod-Abaúj-Zemplén Mezőnagymihály
2%
Hajdú-Bihar Mezősas
2%
Zala Mihályfa
2%
Nógrád Mihálygerge
2%
Győr-Moson-Sopron Mihályi
2%
Heves Mikófalva
2%
Veszprém Monostorapáti
2%
Veszprém Monoszló
2%
Győr-Moson-Sopron Mosonudvar
2%
Zala Muraszemenye
2%
Fejér Nádasdladány
2%
Somogy Nágocs
2%
Győr-Moson-Sopron Nagybajcs
2%
Békés Nagybánhegyes
2%
Nógrád Nagybárkány
2%
Szabolcs-Szatmár-Bereg Nagycserkesz
2%
Szabolcs-Szatmár-Bereg Nagyhalász
2%
Békés Nagykamarás
2%
Heves Nagykökényes
2%
Győr-Moson-Sopron Nagylózs
2%
Zala Nagyrécse
2%
Szabolcs-Szatmár-Bereg Napkor
2%
Vas Nárai
2%
Vas Narda
2%
Borsod-Abaúj-Zemplén Négyes
2%
Borsod-Abaúj-Zemplén Nekézseny
2%
Zala Nemesapáti
2%
Zala Nemesnép
2%
Somogy Nemesvid
2%
Veszprém Nemesvita
2%
Somogy Nikla
2%
Veszprém Noszlop
2%
Szabolcs-Szatmár-Bereg Nyírbéltek
2%
Szabolcs-Szatmár-Bereg Nyírbogdány
2%
Szabolcs-Szatmár-Bereg Nyírgyulaj
2%
Szabolcs-Szatmár-Bereg Nyírmihálydi
2%
Szabolcs-Szatmár-Bereg Nyírpazony
2%
Szabolcs-Szatmár-Bereg Nyírtura
2%
Szabolcs-Szatmár-Bereg Olcsva
2%
Szabolcs-Szatmár-Bereg Olcsvaapáti
2%
Baranya Old
2%
Szabolcs-Szatmár-Bereg Ópályi
2%
Somogy Ordacsehi
2%
Bács-Kiskun Ordas
2%
Somogy Osztopán
2%
Győr-Moson-Sopron Páli
2%
Baranya Palotabozsok
2%
Veszprém Pápakovácsi
2%
Somogy Patca
2%
Győr-Moson-Sopron Pázmándfalu
2%
Baranya Pécsudvard
2%
Szabolcs-Szatmár-Bereg Penészlek
2%
Baranya Peterd
2%
Somogy Péterhida
2%
Zala Petrivente
2%
Nógrád Piliny
2%
Győr-Moson-Sopron Pinnye
2%
Bács-Kiskun Pirtó
2%
Szabolcs-Szatmár-Bereg Pócspetri
2%
Zala Pördefölde
2%
Vas Porpác
2%
Somogy Porrog
2%
Győr-Moson-Sopron Püski
2%
Békés Pusztaföldvár
2%
Békés Pusztaottlaka
2%
Somogy Pusztaszemes
2%
Győr-Moson-Sopron Rábacsanak
2%
Vas Rábagyarmat
2%
Győr-Moson-Sopron Rábapordány
2%
Győr-Moson-Sopron Rábaszentandrás
2%
Győr-Moson-Sopron Rábcakapi
2%
Borsod-Abaúj-Zemplén Ragály
2%
Borsod-Abaúj-Zemplén Rakacaszend
2%
Borsod-Abaúj-Zemplén Rátka
2%
Zala Rezi
2%
Borsod-Abaúj-Zemplén Sajóecseg
2%
Borsod-Abaúj-Zemplén Sajókeresztúr
2%
Borsod-Abaúj-Zemplén Sajómercse
2%
Borsod-Abaúj-Zemplén Sajószöged
2%
Borsod-Abaúj-Zemplén Sajóvelezd
2%
Veszprém Salföld
2%
Nógrád Sámsonháza
2%
Fejér Sárkeszi
2%
Borsod-Abaúj-Zemplén Semjén
2%
Szabolcs-Szatmár-Bereg Sényő
2%
Somogy Siójut
2%
Vas Sitke
2%
Győr-Moson-Sopron Sokorópátka
2%
Baranya Somberek
2%
Baranya Somogyapáti
2%
Baranya Somogyhárságy
2%
Somogy Somogysámson
2%
Somogy Somogyvámos
2%
Szabolcs-Szatmár-Bereg Sonkád
2%
Fejér Soponya
2%
Vas Söpte
2%
Zala Sormás
2%
Nógrád Sóshartyán
2%
Zala Surd
2%
Baranya Szabadszentkirály
2%
Tolna Szakcs
2%
Vas Szakonyfalu
2%
Komárom-Esztergom Szákszend
2%
Baranya Szalánta
2%
Bács-Kiskun Szank
2%
Győr-Moson-Sopron Szárföld
2%
Borsod-Abaúj-Zemplén Szegilong
2%
Baranya Szellő
2%
Borsod-Abaúj-Zemplén Szemere
2%
Heves Szentdomonkos
2%
Győr-Moson-Sopron Szerecseny
2%
Nógrád Szilaspogony
2%
Borsod-Abaúj-Zemplén Szinpetri
2%
Veszprém Szőc
2%
Somogy Szőlősgyörök
2%
Szabolcs-Szatmár-Bereg Szorgalmatos
2%
Borsod-Abaúj-Zemplén Szuhafő
2%
Baranya Szulimán
2%
Veszprém Takácsi
2%
Borsod-Abaúj-Zemplén Taktakenéz
2%
Győr-Moson-Sopron Tápszentmiklós
2%
Borsod-Abaúj-Zemplén Tardona
2%
Békés Tarhos
2%
Győr-Moson-Sopron Tarjánpuszta
2%
Bács-Kiskun Tázlár
2%
Somogy Teleki
2%
Győr-Moson-Sopron Tényő
2%
Nógrád Tereske
2%
Borsod-Abaúj-Zemplén Teresztenye
2%
Heves Terpes
2%
Zala Teskánd
2%
Borsod-Abaúj-Zemplén Tibolddaróc
2%
Szabolcs-Szatmár-Bereg Tiborszállás
2%
Szabolcs-Szatmár-Bereg Tiszabezdéd
2%
Szabolcs-Szatmár-Bereg Tiszacsécse
2%
Borsod-Abaúj-Zemplén Tiszadorogma
2%
Hajdú-Bihar Tiszagyulaháza
2%
Szabolcs-Szatmár-Bereg Tiszakóród
2%
Borsod-Abaúj-Zemplén Tiszaladány
2%
Szabolcs-Szatmár-Bereg Tiszaszentmárton
2%
Borsod-Abaúj-Zemplén Tiszatarján
2%
Zala Tófej
2%
Borsod-Abaúj-Zemplén Tornabarakony
2%
Szabolcs-Szatmár-Bereg Tornyospálca
2%
Borsod-Abaúj-Zemplén Trizs
2%
Baranya Túrony
2%
Fejér Újbarok
2%
Győr-Moson-Sopron Újkér
2%
Baranya Újpetre
2%
Győr-Moson-Sopron Újrónafő
2%
Bács-Kiskun Újsolt
2%
Hajdú-Bihar Újszentmargita
2%
Bács-Kiskun Újtelek
2%
Zala Újudvar
2%
Fejér Úrhida
2%
Győr-Moson-Sopron Vág
2%
Szabolcs-Szatmár-Bereg Vállaj
2%
Vas Vámoscsalád
2%
Hajdú-Bihar Váncsod
2%
Nógrád Vanyarc
2%
Baranya Varga
2%
Tolna Varsád
2%
Vas Vasalja
2%
Vas Vasegerszeg
2%
Vas Vashosszúfalu
2%
Vas Vassurány
2%
Vas Vasszécseny
2%
Veszprém Vaszar
2%
Hajdú-Bihar Vekerd
2%
Baranya Versend
2%
Somogy Vése
2%
Győr-Moson-Sopron Veszkény
2%
Veszprém Vid
2%
Veszprém Vilonya
2%
Borsod-Abaúj-Zemplén Vilyvitány
2%
Borsod-Abaúj-Zemplén Viszló
2%
Veszprém Vöröstó
2%
Veszprém Zalaerdőd
2%
Veszprém Zalameggyes
2%
Zala Zalaszentgyörgy
2%
Zala Zalaszentlőrinc
2%
Zala Zalaszentmihály
2%
Baranya Zaláta
2%
Tolna Závod
2%
Baranya Zengővárkony
2%
Tolna Zomba
2%
Szabolcs-Szatmár-Bereg Zsurk
2%
Borsod-Abaúj-Zemplén Abaújalpár
1%
Borsod-Abaúj-Zemplén Abaújszolnok
1%
Borsod-Abaúj-Zemplén Abod
1%
Veszprém Adásztevel
1%
Veszprém Adorjánháza
1%
Baranya Adorjás
1%
Győr-Moson-Sopron Agyagosszergény
1%
Békés Almáskamarás
1%
Baranya Almáskeresztúr
1%
Borsod-Abaúj-Zemplén Alsóberecki
1%
Borsod-Abaúj-Zemplén Alsógagy
1%
Zala Alsónemesapáti
1%
Borsod-Abaúj-Zemplén Alsóregmec
1%
Borsod-Abaúj-Zemplén Alsótelekes
1%
Vas Alsóújlak
1%
Veszprém Apácatorna
1%
Szabolcs-Szatmár-Bereg Apagy
1%
Baranya Apátvarasd
1%
Szabolcs-Szatmár-Bereg Aranyosapáti
1%
Baranya Aranyosgadány
1%
Borsod-Abaúj-Zemplén Arka
1%
Győr-Moson-Sopron Árpás
1%
Borsod-Abaúj-Zemplén Aszaló
1%
Tolna Attala
1%
Baranya Babarcszőlős
1%
Győr-Moson-Sopron Babót
1%
Zala Bagod
1%
Baranya Bakóca
1%
Győr-Moson-Sopron Bakonygyirót
1%
Veszprém Bakonyszücs
1%
Veszprém Bakonytamási
1%
Borsod-Abaúj-Zemplén Baktakék
1%
Zala Baktüttös
1%
Borsod-Abaúj-Zemplén Balajt
1%
Zala Balatonmagyaród
1%
Szabolcs-Szatmár-Bereg Balsa
1%
Baranya Bánfa
1%
Borsod-Abaúj-Zemplén Bánhorváti
1%
Zala Bánokszentgyörgy
1%
Baranya Baranyahídvég
1%
Baranya Baranyajenő
1%
Győr-Moson-Sopron Barbacs
1%
Veszprém Barnag
1%
Baranya Basal
1%
Somogy Baté
1%
Szabolcs-Szatmár-Bereg Bátorliget
1%
Bács-Kiskun Bátya
1%
Somogy Beleg
1%
Zala Belsősárd
1%
Baranya Belvárdgyula
1%
Vas Bérbaltavár
1%
Baranya Berkesd
1%
Szabolcs-Szatmár-Bereg Berkesz
1%
Borsod-Abaúj-Zemplén Berzék
1%
Baranya Besence
1%
Zala Bezeréd
1%
Győr-Moson-Sopron Bezi
1%
Baranya Birján
1%
Zala Bocfölde
1%
Zala Bödeháza
1%
Baranya Bodolyabér
1%
Győr-Moson-Sopron Bodonhely
1%
Borsod-Abaúj-Zemplén Bodroghalom
1%
Borsod-Abaúj-Zemplén Bodrogkisfalud
1%
Baranya Bogdása
1%
Győr-Moson-Sopron Bogyoszló
1%
Baranya Boldogasszonyfa
1%
Borsod-Abaúj-Zemplén Boldogkőújfalu
1%
Vas Borgáta
1%
Baranya Borjád
1%
Zala Borsfa
1%
Borsod-Abaúj-Zemplén Borsodbóta
1%
Borsod-Abaúj-Zemplén Borsodgeszt
1%
Borsod-Abaúj-Zemplén Borsodszentgyörgy
1%
Borsod-Abaúj-Zemplén Borsodszirák
1%
Veszprém Borzavár
1%
Zala Börzönce
1%
Szabolcs-Szatmár-Bereg Botpalád
1%
Borsod-Abaúj-Zemplén Bózsva
1%
Vas Bozzai
1%
Zala Bucsuta
1%
Borsod-Abaúj-Zemplén Bükkmogyorósd
1%
Somogy Büssü
1%
Borsod-Abaúj-Zemplén Büttös
1%
Szabolcs-Szatmár-Bereg Cégénydányád
1%
Vas Csánig
1%
Baranya Csányoszró
1%
Zala Csapi
1%
Baranya Csarnóta
1%
Bács-Kiskun Csátalja
1%
Zala Csatár
1%
Szabolcs-Szatmár-Bereg Csegöld
1%
Vas Csehi
1%
Vas Csehimindszent
1%
Vas Csempeszkopács
1%
Szabolcs-Szatmár-Bereg Csengerújfalu
1%
Baranya Csertő
1%
Veszprém Csetény
1%
Tolna Csibrák
1%
Tolna Csikóstőttős
1%
Győr-Moson-Sopron Csikvánd
1%
Borsod-Abaúj-Zemplén Csincse
1%
Vas Csipkerek
1%
Borsod-Abaúj-Zemplén Csobád
1%
Somogy Csököly
1%
Baranya Csonkamindszent
1%
Somogy Csurgónagymarton
1%
Baranya Cún
1%
Veszprém Dabronc
1%
Veszprém Dáka
1%
Tolna Dalmand
1%
Borsod-Abaúj-Zemplén Dámóc
1%
Borsod-Abaúj-Zemplén Debréte
1%
Baranya Dencsháza
1%
Baranya Dinnyeberki
1%
Tolna Diósberény
1%
Baranya Diósviszló
1%
Veszprém Doba
1%
Zala Dobri
1%
Zala Dobronhegy
1%
Szabolcs-Szatmár-Bereg Döge
1%
Békés Dombiratos
1%
Vas Döröske
1%
Bács-Kiskun Drágszél
1%
Baranya Drávacsehi
1%
Somogy Drávagárdony
1%
Baranya Drávaiványi
1%
Baranya Drávapalkonya
1%
Baranya Drávapiski
1%
Somogy Drávatamási
1%
Borsod-Abaúj-Zemplén Dubicsány
1%
Tolna Dúzs
1%
Győr-Moson-Sopron Ebergőc
1%
Somogy Ecseny
1%
Győr-Moson-Sopron Edve
1%
Borsod-Abaúj-Zemplén Égerszög
1%
Nógrád Egyházasdengeleg
1%
Győr-Moson-Sopron Egyházasfalu
1%
Vas Egyházashetye
1%
Veszprém Egyházaskesző
1%
Baranya Ellend
1%
Baranya Endrőc
1%
Baranya Erdősmárok
1%
Baranya Erdősmecske
1%
Nógrád Erdőtarcsa
1%
Szabolcs-Szatmár-Bereg Érpatak
1%
Szabolcs-Szatmár-Bereg Fábiánháza
1%
Veszprém Farkasgyepű
1%
Borsod-Abaúj-Zemplén Farkaslyuk
1%
Baranya Fazekasboda
1%
Baranya Feked
1%
Győr-Moson-Sopron Felpéc
1%
Borsod-Abaúj-Zemplén Felsőberecki
1%
Baranya Felsőegerszeg
1%
Borsod-Abaúj-Zemplén Felsőgagy
1%
Vas Felsőmarác
1%
Borsod-Abaúj-Zemplén Felsőnyárád
1%
Zala Felsőrajk
1%
Borsod-Abaúj-Zemplén Felsőregmec
1%
Zala Felsőszenterzsébet
1%
Borsod-Abaúj-Zemplén Felsőtelekes
1%
Borsod-Abaúj-Zemplén Felsővadász
1%
Győr-Moson-Sopron Fertőendréd
1%
Somogy Fiad
1%
Borsod-Abaúj-Zemplén Filkeháza
1%
Zala Fityeház
1%
Szabolcs-Szatmár-Bereg Fülpösdaróc
1%
Tolna Fürged
1%
Borsod-Abaúj-Zemplén Füzérkomlós
1%
Zala Gáborjánháza
1%
Szabolcs-Szatmár-Bereg Gacsály
1%
Somogy Gadány
1%
Borsod-Abaúj-Zemplén Gadna
1%
Borsod-Abaúj-Zemplén Gagyapáti
1%
Borsod-Abaúj-Zemplén Gagybátor
1%
Borsod-Abaúj-Zemplén Gagyvendégi
1%
Somogy Gálosfa
1%
Borsod-Abaúj-Zemplén Galvács
1%
Somogy Gamás
1%
Zala Garabonc
1%
Baranya Garé
1%
Bács-Kiskun Géderlak
1%
Szabolcs-Szatmár-Bereg Gégény
1%
Borsod-Abaúj-Zemplén Gelej
1%
Szabolcs-Szatmár-Bereg Gelénes
1%
Vas Gérce
1%
Baranya Gerde
1%
Vas Gersekarát
1%
Borsod-Abaúj-Zemplén Gibárt
1%
Somogy Gige
1%
Baranya Gilvánfa
1%
Veszprém Gógánfa
1%
Somogy Gölle
1%
Baranya Görcsönydoboka
1%
Zala Gosztola
1%
Tolna Grábóc
1%
Zala Gutorfölde
1%
Győr-Moson-Sopron Gyalóka
1%
Veszprém Gyepükaján
1%
Baranya Gyód
1%
Baranya Gyöngyfa
1%
Tolna Györköny
1%
Győr-Moson-Sopron Győrsövényház
1%
Vas Győrvár
1%
Somogy Gyugy
1%
Szabolcs-Szatmár-Bereg Gyüre
1%
Somogy Hács
1%
Vas Halastó
1%
Tolna Harc
1%
Bács-Kiskun Harkakötöny
1%
Veszprém Hegyesd
1%
Vas Hegyhátszentjakab
1%
Borsod-Abaúj-Zemplén Hejőbába
1%
Borsod-Abaúj-Zemplén Hejőkeresztúr
1%
Borsod-Abaúj-Zemplén Hejőkürt
1%
Baranya Helesfa
1%
Borsod-Abaúj-Zemplén Hernádbűd
1%
Borsod-Abaúj-Zemplén Hernádcéce
1%
Borsod-Abaúj-Zemplén Hernádkércs
1%
Borsod-Abaúj-Zemplén Hernádpetri
1%
Borsod-Abaúj-Zemplén Hernádvécse
1%
Szabolcs-Szatmár-Bereg Hetefejércse
1%
Győr-Moson-Sopron Himod
1%
Baranya Hirics
1%
Baranya Hobol
1%
Veszprém Homokbödöge
1%
Zala Homokkomárom
1%
Borsod-Abaúj-Zemplén Homrogd
1%
Baranya Horváthertelend
1%
Vas Horvátlövő
1%
Somogy Hosszúvíz
1%
Győr-Moson-Sopron Hövej
1%
Borsod-Abaúj-Zemplén Igrici
1%
Baranya Illocska
1%
Bács-Kiskun Imrehegy
1%
Borsod-Abaúj-Zemplén Irota
1%
Somogy Istvándi
1%
Tolna Izmény
1%
Szabolcs-Szatmár-Bereg Jármi
1%
Győr-Moson-Sopron Jobaháza
1%
Somogy Juta
1%
Győr-Moson-Sopron Kajárpéc
1%
Fejér Kajászó
1%
Tolna Kajdacs
1%
Tolna Kalaznó
1%
Veszprém Kamond
1%
Borsod-Abaúj-Zemplén Kánó
1%
Somogy Kánya
1%
Zala Kányavár
1%
Somogy Kapoly
1%
Somogy Kaposszerdahely
1%
Veszprém Káptalanfa
1%
Borsod-Abaúj-Zemplén Karcsa
1%
Borsod-Abaúj-Zemplén Karos
1%
Baranya Kásád
1%
Somogy Kastélyosdombó
1%
Vas Katafa
1%
Baranya Kátoly
1%
Bács-Kiskun Katymár
1%
Borsod-Abaúj-Zemplén Kázsmárk
1%
Szabolcs-Szatmár-Bereg Kékcse
1%
Borsod-Abaúj-Zemplén Kelemér
1%
Bács-Kiskun Kéleshalom
1%
Vas Kemenesmagasi
1%
Vas Kemenesmihályfa
1%
Vas Kemenespálfa
1%
Vas Kemenessömjén
1%
Baranya Kemse
1%
Borsod-Abaúj-Zemplén Kenézlő
1%
Vas Kenyeri
1%
Vas Kercaszomor
1%
Borsod-Abaúj-Zemplén Keresztéte
1%
Zala Kerkafalva
1%
Zala Kerkateskánd
1%
Borsod-Abaúj-Zemplén Kesznyéten
1%
Baranya Kétújfalu
1%
Tolna Kéty
1%
Zala Kilimán
1%
Borsod-Abaúj-Zemplén Királd
1%
Baranya Királyegyháza
1%
Csongrád-Csanád Királyhegyes
1%
Győr-Moson-Sopron Kisbabot
1%
Nógrád Kisbágyon
1%
Somogy Kisbárapáti
1%
Somogy Kisberény
1%
Borsod-Abaúj-Zemplén Kiscsécs
1%
Baranya Kisdobsza
1%
Békés Kisdombegyház
1%
Nógrád Kisecset
1%
Baranya Kishajmás
1%
Baranya Kisherend
1%
Szabolcs-Szatmár-Bereg Kishódos
1%
Baranya Kiskassa
1%
Borsod-Abaúj-Zemplén Kiskinizs
1%
Somogy Kiskorpád
1%
Szabolcs-Szatmár-Bereg Kisléta
1%
Baranya Kisnyárád
1%
Szabolcs-Szatmár-Bereg Kispalád
1%
Veszprém Kispirit
1%
Zala Kisrécse
1%
Vas Kissomlyó
1%
Baranya Kisszentmárton
1%
Baranya Kistapolca
1%
Zala Kistolmács
1%
Baranya Kistótfalu
1%
Szabolcs-Szatmár-Bereg Kisvarsány
1%
Zala Kisvásárhely
1%
Baranya Kisvaszar
1%
Tolna Kisvejke
1%
Baranya Köblény
1%
Tolna Kocsola
1%
Tolna Kölesd
1%
Borsod-Abaúj-Zemplén Komjáti
1%
Szabolcs-Szatmár-Bereg Komlódtótfalu
1%
Borsod-Abaúj-Zemplén Komlóska
1%
Bács-Kiskun Kömpöc
1%
Tolna Koppányszántó
1%
Borsod-Abaúj-Zemplén Korlát
1%
Győr-Moson-Sopron Koroncó
1%
Vas Kőszegdoroszló
1%
Vas Kőszegpaty
1%
Szabolcs-Szatmár-Bereg Kótaj
1%
Baranya Kovácsszénája
1%
Baranya Kővágótöttös
1%
Borsod-Abaúj-Zemplén Krasznokvajda
1%
Zala Külsősárd
1%
Bács-Kiskun Kunbaracs
1%
Borsod-Abaúj-Zemplén Kupa
1%
Borsod-Abaúj-Zemplén Kurityán
1%
Zala Kustánszeg
1%
Nógrád Kutasó
1%
Somogy Lábod
1%
Somogy Lakócsa
1%
Baranya Lapáncsa
1%
Borsod-Abaúj-Zemplén Legyesbénye
1%
Borsod-Abaúj-Zemplén Léh
1%
Borsod-Abaúj-Zemplén Lénárddaróc
1%
Zala Lendvajakabfa
1%
Baranya Liptód
1%
Zala Lispeszentadorján
1%
Zala Liszó
1%
Borsod-Abaúj-Zemplén Litka
1%
Baranya Lovászhetény
1%
Veszprém Lovászpatona
1%
Szabolcs-Szatmár-Bereg Lövőpetri
1%
Nógrád Lucfalva
1%
Somogy Lulla
1%
Baranya Lúzsok
1%
Szabolcs-Szatmár-Bereg Magosliget
1%
Somogy Magyaratád
1%
Baranya Magyaregregy
1%
Zala Magyarföld
1%
Nógrád Magyargéc
1%
Győr-Moson-Sopron Magyarkeresztúr
1%
Tolna Magyarkeszi
1%
Baranya Magyarlukafa
1%
Vas Magyarnádalja
1%
Baranya Magyarsarlós
1%
Zala Magyarszerdahely
1%
Baranya Magyartelek
1%
Veszprém Malomsok
1%
Baranya Maráza
1%
Veszprém Marcaltő
1%
Baranya Márfa
1%
Baranya Máriakéménd
1%
Baranya Markóc
1%
Győr-Moson-Sopron Markotabödöge
1%
Zala Maróc
1%
Szabolcs-Szatmár-Bereg Márokpapi
1%
Borsod-Abaúj-Zemplén Martonyi
1%
Bács-Kiskun Mátételke
1%
Baranya Mecsekpölöske
1%
Győr-Moson-Sopron Mecsér
1%
Vas Meggyeskovácsi
1%
Borsod-Abaúj-Zemplén Megyaszó
1%
Vas Megyehíd
1%
Győr-Moson-Sopron Mérges
1%
Vas Meszlen
1%
Baranya Meződ
1%
Szabolcs-Szatmár-Bereg Mezőladány
1%
Zala Miháld
1%
Veszprém Mihályháza
1%
Zala Mikekarácsonyfa
1%
Somogy Miklósi
1%
Borsod-Abaúj-Zemplén Mikóháza
1%
Vas Mikosszéplak
1%
Szabolcs-Szatmár-Bereg Milota
1%
Baranya Mindszentgodisa
1%
Zala Molnári
1%
Baranya Molvány
1%
Baranya Monyoród
1%
Bács-Kiskun Móricgát
1%
Győr-Moson-Sopron Mórichida
1%
Somogy Mosdós
1%
Baranya Mozsgó
1%
Tolna Mucsfa
1%
Tolna Mucsi
1%
Tolna Murga
1%
Veszprém Nagyacsád
1%
Zala Nagybakónak
1%
Bács-Kiskun Nagybaracska
1%
Somogy Nagyberki
1%
Baranya Nagycsány
1%
Borsod-Abaúj-Zemplén Nagycsécs
1%
Veszprém Nagydém
1%
Szabolcs-Szatmár-Bereg Nagydobos
1%
Baranya Nagydobsza
1%
Veszprém Nagyesztergár
1%
Zala Nagygörbő
1%
Veszprém Nagygyimót
1%
Baranya Nagyhajmás
1%
Szabolcs-Szatmár-Bereg Nagyhódos
1%
Borsod-Abaúj-Zemplén Nagykinizs
1%
Tolna Nagykónyi
1%
Baranya Nagynyárád
1%
Zala Nagypáli
1%
Baranya Nagypall
1%
Veszprém Nagypirit
1%
Vas Nagysimonyi
1%
Veszprém Nagytevel
1%
Szabolcs-Szatmár-Bereg Nagyvarsány
1%
Tolna Nagyvejke
1%
Fejér Nagyveleg
1%
Borsod-Abaúj-Zemplén Nemesbikk
1%
Vas Nemesbőd
1%
Somogy Nemesdéd
1%
Veszprém Nemesgörzsöny
1%
Zala Nemeshetés
1%
Vas Nemeskeresztúr
1%
Vas Nemeskocs
1%
Vas Nemeskolta
1%
Veszprém Nemesszalók
1%
Zala Németfalu
1%
Nógrád Nógrádmarcal
1%
Veszprém Nóráp
1%
Somogy Nyim
1%
Szabolcs-Szatmár-Bereg Nyírcsászári
1%
Szabolcs-Szatmár-Bereg Nyírgelse
1%
Borsod-Abaúj-Zemplén Nyíri
1%
Szabolcs-Szatmár-Bereg Nyíribrony
1%
Szabolcs-Szatmár-Bereg Nyírjákó
1%
Szabolcs-Szatmár-Bereg Nyírkarász
1%
Szabolcs-Szatmár-Bereg Nyírlövő
1%
Szabolcs-Szatmár-Bereg Nyírparasznya
1%
Szabolcs-Szatmár-Bereg Nyírpilis
1%
Szabolcs-Szatmár-Bereg Nyírtass
1%
Szabolcs-Szatmár-Bereg Nyírvasvári
1%
Borsod-Abaúj-Zemplén Nyomár
1%
Baranya Nyugotszenterzsébet
1%
Baranya Ócsárd
1%
Zala Óhíd
1%
Vas Ölbő
1%
Vas Ólmod
1%
Zala Oltárc
1%
Szabolcs-Szatmár-Bereg Ömböly
1%
Vas Őrimagyarósd
1%
Baranya Oroszló
1%
Győr-Moson-Sopron Osli
1%
Vas Oszkó
1%
Somogy Ötvöskónyi
1%
Baranya Ózdfalu
1%
Borsod-Abaúj-Zemplén Pácin
1%
Vas Pácsony
1%
Bács-Kiskun Páhi
1%
Zala Pakod
1%
Bács-Kiskun Pálmonostora
1%
Borsod-Abaúj-Zemplén Pamlény
1%
Somogy Pamuk
1%
Vas Pankasz
1%
Borsod-Abaúj-Zemplén Pányok
1%
Szabolcs-Szatmár-Bereg Panyola
1%
Veszprém Pápasalamon
1%
Vas Pápoc
1%
Szabolcs-Szatmár-Bereg Papos
1%
Borsod-Abaúj-Zemplén Parasznya
1%
Tolna Pári
1%
Szabolcs-Szatmár-Bereg Paszab
1%
Győr-Moson-Sopron Pásztori
1%
Baranya Patapoklosi
1%
Somogy Patosfa
1%
Szabolcs-Szatmár-Bereg Pátroha
1%
Nógrád Patvarc
1%
Szabolcs-Szatmár-Bereg Pátyod
1%
Vas Pecöl
1%
Baranya Pécsdevecser
1%
Borsod-Abaúj-Zemplén Perecse
1%
Baranya Pereked
1%
Vas Peresznye
1%
Szabolcs-Szatmár-Bereg Petneháza
1%
Zala Petrikeresztúr
1%
Szabolcs-Szatmár-Bereg Piricse
1%
Baranya Piskó
1%
Somogy Pogányszentpéter
1%
Zala Pókaszepetk
1%
Somogy Polány
1%
Zala Pölöskefő
1%
Szabolcs-Szatmár-Bereg Porcsalma
1%
Somogy Porrogszentkirály
1%
Vas Pósfa
1%
Zala Pötréte
1%
Győr-Moson-Sopron Potyond
1%
Borsod-Abaúj-Zemplén Prügy
1%
Vas Püspökmolnári
1%
Győr-Moson-Sopron Pusztacsalád
1%
Tolna Pusztahencse
1%
Zala Pusztamagyaród
1%
Veszprém Pusztamiske
1%
Zala Pusztaszentlászló
1%
Győr-Moson-Sopron Rábacsécsény
1%
Győr-Moson-Sopron Rábakecöl
1%
Győr-Moson-Sopron Rábasebes
1%
Győr-Moson-Sopron Rábaszentmihály
1%
Győr-Moson-Sopron Rábaszentmiklós
1%
Baranya Rádfalva
1%
Borsod-Abaúj-Zemplén Radostyán
1%
Zala Ramocsa
1%
Szabolcs-Szatmár-Bereg Ramocsaháza
1%
Tolna Regöly
1%
Győr-Moson-Sopron Répceszemere
1%
Győr-Moson-Sopron Répcevis
1%
Győr-Moson-Sopron Rétalap
1%
Szabolcs-Szatmár-Bereg Rétközberencs
1%
Borsod-Abaúj-Zemplén Révleányvár
1%
Borsod-Abaúj-Zemplén Ricse
1%
Veszprém Rigács
1%
Zala Rigyác
1%
Somogy Rinyabesenyő
1%
Szabolcs-Szatmár-Bereg Rohod
1%
Győr-Moson-Sopron Románd
1%
Baranya Romonya
1%
Baranya Rózsafa
1%
Szabolcs-Szatmár-Bereg Rozsály
1%
Borsod-Abaúj-Zemplén Sajóhídvég
1%
Borsod-Abaúj-Zemplén Sajónémeti
1%
Borsod-Abaúj-Zemplén Sajóörös
1%
Borsod-Abaúj-Zemplén Sajópálfala
1%
Borsod-Abaúj-Zemplén Sajópetri
1%
Borsod-Abaúj-Zemplén Sajópüspöki
1%
Borsod-Abaúj-Zemplén Sajósenye
1%
Borsod-Abaúj-Zemplén Sajóvámos
1%
Vas Sajtoskál
1%
Vas Salköveskút
1%
Zala Salomvár
1%
Baranya Sámod
1%
Baranya Sárok
1%
Tolna Sárpilis
1%
Veszprém Sáska
1%
Somogy Segesd
1%
Zala Semjénháza
1%
Zala Sénye
1%
Borsod-Abaúj-Zemplén Serényfalva
1%
Somogy Sérsekszőlős
1%
Győr-Moson-Sopron Sikátor
1%
Baranya Siklósnagyfalu
1%
Vas Simaság
1%
Győr-Moson-Sopron Sobor
1%
Veszprém Somlójenő
1%
Veszprém Somlószőlős
1%
Somogy Somodor
1%
Somogy Somogycsicsó
1%
Somogy Somogyfajsz
1%
Baranya Somogyhatvan
1%
Somogy Somogyjád
1%
Somogy Somogymeggyes
1%
Somogy Somogysimonyi
1%
Somogy Somogytúr
1%
Somogy Somogyudvarhely
1%
Baranya Somogyviszló
1%
Fejér Söréd
1%
Vas Sorkifalud
1%
Vas Sorokpolány
1%
Baranya Sósvertike
1%
Zala Sümegcsehi
1%
Veszprém Sümegprága
1%
Baranya Sumony
1%
Somogy Szabás
1%
Szabolcs-Szatmár-Bereg Szabolcsbáka
1%
Szabolcs-Szatmár-Bereg Szabolcsveresmart
1%
Borsod-Abaúj-Zemplén Szakácsi
1%
Bács-Kiskun Szakmár
1%
Szabolcs-Szatmár-Bereg Szakoly
1%
Zala Szalapa
1%
Borsod-Abaúj-Zemplén Szalaszend
1%
Baranya Szalatnak
1%
Nógrád Szalmatercs
1%
Szabolcs-Szatmár-Bereg Szamosbecs
1%
Szabolcs-Szatmár-Bereg Szamoskér
1%
Szabolcs-Szatmár-Bereg Szamosszeg
1%
Veszprém Szápár
1%
Baranya Szaporca
1%
Baranya Szárász
1%
Tolna Szárazd
1%
Vas Szarvaskend
1%
Baranya Szebény
1%
Zala Szécsisziget
1%
Somogy Szegerdő
1%
Baranya Székelyszabar
1%
Somogy Szentborbás
1%
Baranya Szentdénes
1%
Baranya Szentegát
1%
Zala Szentgyörgyvölgy
1%
Borsod-Abaúj-Zemplén Szentistvánbaksa
1%
Baranya Szentkatalin
1%
Zala Szentliszló
1%
Zala Szentpéterfölde
1%
Bács-Kiskun Szeremle
1%
Zala Szijártóháza
1%
Vas Szőce
1%
Somogy Szőkedencs
1%
Baranya Szörény
1%
Borsod-Abaúj-Zemplén Szuhakálló
1%
Borsod-Abaúj-Zemplén Szuhogy
1%
Bács-Kiskun Tabdi
1%
Veszprém Tagyon
1%
Vas Tanakajd
1%
Vas Táplánszentkereszt
1%
Somogy Tapsony
1%
Győr-Moson-Sopron Tárnokréti
1%
Somogy Táska
1%
Baranya Tékes
1%
Vas Telekes
1%
Baranya Tengeri
1%
Somogy Tengőd
1%
Szabolcs-Szatmár-Bereg Terem
1%
Somogy Tikos
1%
Szabolcs-Szatmár-Bereg Timár
1%
Szabolcs-Szatmár-Bereg Tiszabercel
1%
Szabolcs-Szatmár-Bereg Tiszakanyár
1%
Borsod-Abaúj-Zemplén Tiszakarád
1%
Szabolcs-Szatmár-Bereg Tiszakerecseny
1%
Szabolcs-Szatmár-Bereg Tiszanagyfalu
1%
Szabolcs-Szatmár-Bereg Tiszarád
1%
Szabolcs-Szatmár-Bereg Tiszaszalka
1%
Baranya Tófű
1%
Vas Tokorcs
1%
Vas Tömörd
1%
Vas Tompaládony
1%
Zala Tormafölde
1%
Baranya Tormás
1%
Vas Tormásliget
1%
Borsod-Abaúj-Zemplén Tornaszentjakab
1%
Somogy Törökkoppány
1%
Zala Tótszentmárton
1%
Somogy Tótújfalu
1%
Szabolcs-Szatmár-Bereg Tunyogmatolcs
1%
Zala Türje
1%
Tolna Udvari
1%
Borsod-Abaúj-Zemplén Újcsanálos
1%
Szabolcs-Szatmár-Bereg Újdombrád
1%
Tolna Újireg
1%
Hajdú-Bihar Újtikos
1%
Szabolcs-Szatmár-Bereg Ura
1%
Szabolcs-Szatmár-Bereg Uszka
1%
Borsod-Abaúj-Zemplén Vadna
1%
Győr-Moson-Sopron Vadosfa
1%
Borsod-Abaúj-Zemplén Vágáshuta
1%
Borsod-Abaúj-Zemplén Vajdácska
1%
Zala Vállus
1%
Borsod-Abaúj-Zemplén Vámosújfalu
1%
Veszprém Vanyola
1%
Somogy Varászló
1%
Borsod-Abaúj-Zemplén Varbóc
1%
Tolna Várdomb
1%
Veszprém Várkesző
1%
Győr-Moson-Sopron Vásárosfalu
1%
Vas Vasasszonyfa
1%
Zala Vasboldogasszony
1%
Békés Végegyháza
1%
Baranya Vejti
1%
Borsod-Abaúj-Zemplén Vilmány
1%
Veszprém Vinár
1%
Somogy Visnye
1%
Győr-Moson-Sopron Völcsej
1%
Baranya Zádor
1%
Zala Zajk
1%
Somogy Zákányfalu
1%
Zala Zalabaksa
1%
Zala Zalaboldogfa
1%
Zala Zalacséb
1%
Veszprém Zalagyömörő
1%
Zala Zalaháshágy
1%
Zala Zalaigrice
1%
Zala Zalaistvánd
1%
Zala Zalatárnok
1%
Zala Zalaújlak
1%
Zala Zalavég
1%
Borsod-Abaúj-Zemplén Ziliz
1%
Somogy Zimány
1%
Baranya Zók
1%
Győr-Moson-Sopron Zsebeháza
1%
Somogy Zselickislak
1%
Somogy Zselicszentpál
1%
Vas Zsennye
1%
Borsod-Abaúj-Zemplén Zsujta
1%
Borsod-Abaúj-Zemplén Zubogy
1%
Zala Alibánfa
0%
Zala Almásháza
0%
Somogy Alsóbogát
0%
Borsod-Abaúj-Zemplén Alsódobsza
0%
Zala Alsórajk
0%
Zala Alsószenterzsébet
0%
Borsod-Abaúj-Zemplén Alsószuha
0%
Somogy Bábonymegyer
0%
Zala Babosdöbréte
0%
Zala Baglad
0%
Somogy Bakháza
0%
Veszprém Bakonyoszlop
0%
Baranya Baranyaszentgyörgy
0%
Somogy Bárdudvarnok
0%
Zala Barlahida
0%
Borsod-Abaúj-Zemplén Baskó
0%
Bács-Kiskun Bátmonostor
0%
Borsod-Abaúj-Zemplén Becskeháza
0%
Zala Becsvölgye
0%
Somogy Bedegkér
0%
Vas Bejcgyertyános
0%
Szabolcs-Szatmár-Bereg Benk
0%
Szabolcs-Szatmár-Bereg Besenyőd
0%
Szabolcs-Szatmár-Bereg Beszterec
0%
Baranya Bezedek
0%
Baranya Bisse
0%
Veszprém Bodorfa
0%
Baranya Bogádmindszent
0%
Zala Bókaháza
0%
Somogy Bolhó
0%
Zala Boncodfölde
0%
Bács-Kiskun Borota
0%
Baranya Bosta
0%
Baranya Bürüs
0%
Győr-Moson-Sopron Cakóháza
0%
Győr-Moson-Sopron Cirák
0%
Szabolcs-Szatmár-Bereg Csaholc
0%
Szabolcs-Szatmár-Bereg Császló
0%
Baranya Csebény
0%
Somogy Cserénfa
0%
Borsod-Abaúj-Zemplén Csernely
0%
Zala Csertalakos
0%
Borsod-Abaúj-Zemplén Csobaj
0%
Zala Csöde
0%
Veszprém Csögle
0%
Borsod-Abaúj-Zemplén Csokvaomány
0%
Somogy Csombárd
0%
Vas Csönge
0%
Zala Csonkahegyhát
0%
Veszprém Dabrony
0%
Borsod-Abaúj-Zemplén Damak
0%
Vas Daraboshegy
0%
Nógrád Debercsény
0%
Borsod-Abaúj-Zemplén Detek
0%
Zala Dióskál
0%
Vas Döbörhegy
0%
Zala Döbröce
0%
Zala Dötk
0%
Borsod-Abaúj-Zemplén Dövény
0%
Baranya Drávacsepely
0%
Zala Egeraracsa
0%
Baranya Egyházasharaszti
0%
Bács-Kiskun Érsekhalma
0%
Tolna Értény
0%
Zala Esztergályhorváti
0%
Borsod-Abaúj-Zemplén Fancsal
0%
Borsod-Abaúj-Zemplén Felsődobsza
0%
Vas Felsőjánosfa
0%
Borsod-Abaúj-Zemplén Felsőkelecsény
0%
Somogy Főnyed
0%
Szabolcs-Szatmár-Bereg Fülesd
0%
Borsod-Abaúj-Zemplén Fulókércs
0%
Zala Fűzvölgy
0%
Somogy Gadács
0%
Zala Gelsesziget
0%
Szabolcs-Szatmár-Bereg Gemzse
0%
Baranya Gerényes
0%
Zala Gétye
0%
Borsod-Abaúj-Zemplén Girincs
0%
Borsod-Abaúj-Zemplén Golop
0%
Zala Gombosszeg
0%
Baranya Gordisa
0%
Somogy Görgeteg
0%
Zala Gősfa
0%
Vas Gyanógeregye
0%
Baranya Gyöngyösmellék
0%
Borsod-Abaúj-Zemplén Györgytarló
0%
Szabolcs-Szatmár-Bereg Gyügye
0%
Zala Gyűrűs
0%
Zala Hagyárosbörönd
0%
Vas Halogy
0%
Borsod-Abaúj-Zemplén Hangács
0%
Vas Harasztifalu
0%
Somogy Háromfa
0%
Baranya Hásságy
0%
Somogy Hedrehely
0%
Vas Hegyháthodász
0%
Baranya Hegyhátmaróc
0%
Vas Hegyhátsál
0%
Vas Hegyhátszentmárton
0%
Vas Hegyhátszentpéter
0%
Borsod-Abaúj-Zemplén Hegymeg
0%
Baranya Hegyszentmárton
0%
Borsod-Abaúj-Zemplén Hejőszalonta
0%
Somogy Hencse
0%
Somogy Heresznye
0%
Szabolcs-Szatmár-Bereg Hermánszeg
0%
Borsod-Abaúj-Zemplén Hernádszentandrás
0%
Zala Hernyék
0%
Veszprém Hetyefő
0%
Somogy Homokszentgyörgy
0%
Zala Hosszúvölgy
0%
Veszprém Hosztót
0%
Zala Hottó
0%
Baranya Husztót
0%
Vas Iklanberény
0%
Baranya Ipacsfa
0%
Vas Ispánk
0%
Veszprém Iszkáz
0%
Baranya Ivánbattyán
0%
Borsod-Abaúj-Zemplén Izsófalva
0%
Tolna Jágónak
0%
Borsod-Abaúj-Zemplén Jákfalva
0%
Szabolcs-Szatmár-Bereg Jéke
0%
Zala Kacorlak
0%
Baranya Kákics
0%
Zala Kallósd
0%
Somogy Kálmáncsa
0%
Zala Kálócfa
0%
Szabolcs-Szatmár-Bereg Kántorjánosi
0%
Somogy Kaposgyarmat
0%
Zala Karmacs
0%
Baranya Katádfa
0%
Zala Kávás
0%
Somogy Kazsok
0%
Vas Keléd
0%
Veszprém Kemeneshőgyész
0%
Vas Kemeneskápolna
0%
Vas Kemenesszentmárton
0%
Veszprém Kemenesszentpéter
0%
Zala Keménfa
0%
Somogy Kercseliget
0%
Zala Kerecseny
0%
Zala Kerkabarabás
0%
Zala Kerkakutas
0%
Vas Kerkáskápolna
0%
Zala Kerkaszentkirály
0%
Szabolcs-Szatmár-Bereg Kérsemjén
0%
Somogy Kisasszond
0%
Baranya Kisasszonyfa
0%
Veszprém Kisberzseny
0%
Baranya Kisbeszterce
0%
Zala Kisbucsa
0%
Baranya Kisbudmér
0%
Zala Kiscsehi
0%
Veszprém Kiscsősz
0%
Baranya Kisdér
0%
Zala Kisgörbő
0%
Somogy Kisgyalán
0%
Baranya Kisjakabfalva
0%
Zala Kiskutas
0%
Szabolcs-Szatmár-Bereg Kisnamény
0%
Zala Kispáli
0%
Borsod-Abaúj-Zemplén Kisrozvágy
0%
Szabolcs-Szatmár-Bereg Kisszekeres
0%
Zala Kissziget
0%
Baranya Kistamási
0%
Tolna Kistormás
0%
Vas Köcsk
0%
Somogy Kőkút
0%
Vas Kondorfa
0%
Borsod-Abaúj-Zemplén Köröm
0%
Baranya Kovácshida
0%
Borsod-Abaúj-Zemplén Kovácsvágás
0%
Zala Kozmadombja
0%
Borsod-Abaúj-Zemplén Lácacséke
0%
Borsod-Abaúj-Zemplén Ládbesenyő
0%
Zala Lakhegy
0%
Tolna Lápafő
0%
Szabolcs-Szatmár-Bereg Laskod
0%
Zala Lasztonya
0%
Somogy Libickozma
0%
Zala Lickóvadamos
0%
Zala Ligetfalva
0%
Baranya Lothárd
0%
Győr-Moson-Sopron Maglóca
0%
Somogy Magyaregres
0%
Veszprém Magyargencs
0%
Baranya Magyarmecske
0%
Zala Magyarszentmiklós
0%
Veszprém Marcalgergelyi
0%
Baranya Marócsa
0%
Zala Márokföld
0%
Baranya Mekényes
0%
Baranya Merenye
0%
Vas Mersevát
0%
Vas Mesterháza
0%
Vas Mesteri
0%
Borsod-Abaúj-Zemplén Meszes
0%
Somogy Mezőcsokonya
0%
Zala Milejszeg
0%
Zala Misefa
0%
Tolna Miszla
0%
Borsod-Abaúj-Zemplén Monaj
0%
Szabolcs-Szatmár-Bereg Nábrád
0%
Veszprém Nagyalásony
0%
Borsod-Abaúj-Zemplén Nagybarca
0%
Baranya Nagybudmér
0%
Somogy Nagycsepely
0%
Vas Nagygeresd
0%
Zala Nagykapornak
0%
Nógrád Nagykeresztúr
0%
Vas Nagykölked
0%
Somogy Nagykorpád
0%
Zala Nagykutas
0%
Zala Nagylengyel
0%
Vas Nagymizdó
0%
Zala Nagyrada
0%
Borsod-Abaúj-Zemplén Nagyrozvágy
0%
Somogy Nagyszakácsi
0%
Szabolcs-Szatmár-Bereg Nagyszekeres
0%
Tolna Nagyszokoly
0%
Vas Nagytilaj
0%
Baranya Nagytótfalu
0%
Baranya Nagyváty
0%
Szabolcs-Szatmár-Bereg Nemesborzova
0%
Zala Nemesbük
0%
Vas Nemescsó
0%
Veszprém Nemeshany
0%
Somogy Nemeskisfalud
0%
Vas Nemesládony
0%
Zala Nemespátró
0%
Zala Nemesrádó
0%
Zala Nemessándorháza
0%
Zala Nemesszentandrás
0%
Borsod-Abaúj-Zemplén Nyésta
0%
Szabolcs-Szatmár-Bereg Nyírcsaholy
0%
Szabolcs-Szatmár-Bereg Nyírderzs
0%
Szabolcs-Szatmár-Bereg Nyírkáta
0%
Szabolcs-Szatmár-Bereg Nyírkércs
0%
Szabolcs-Szatmár-Bereg Nyírtét
0%
Vas Nyőgér
0%
Baranya Okorág
0%
Baranya Okorvölgy
0%
Zala Orbányosfa
0%
Somogy Orci
0%
Bács-Kiskun Öregcsertő
0%
Zala Ormándlak
0%
Borsod-Abaúj-Zemplén Ormosbánya
0%
Zala Orosztony
0%
Zala Ortaháza
0%
Borsod-Abaúj-Zemplén Oszlár
0%
Zala Ozmánbük
0%
Zala Padár
0%
Baranya Palé
0%
Zala Pálfiszeg
0%
Somogy Pálmajor
0%
Veszprém Pápadereske
0%
Baranya Páprád
0%
Somogy Patalom
0%
Baranya Pécsbagota
0%
Szabolcs-Szatmár-Bereg Penyige
0%
Vas Perenye
0%
Zala Pethőhenye
0%
Vas Petőmihályfa
0%
Somogy Porrogszentpál
0%
Zala Pórszombat
0%
Somogy Potony
0%
Zala Pusztaapáti
0%
Vas Pusztacsó
0%
Szabolcs-Szatmár-Bereg Pusztadobos
0%
Zala Pusztaederics
0%
Somogy Pusztakovácsi
0%
Borsod-Abaúj-Zemplén Pusztaradvány
0%
Vas Rádóckölked
0%
Somogy Ráksi
0%
Szabolcs-Szatmár-Bereg Rápolt
0%
Borsod-Abaúj-Zemplén Rásonysápberencs
0%
Baranya Regenye
0%
Vas Répceszentgyörgy
0%
Zala Resznek
0%
Somogy Rinyakovácsi
0%
Somogy Rinyaszentkirály
0%
Somogy Rinyaújlak
0%
Somogy Rinyaújnép
0%
Borsod-Abaúj-Zemplén Rudolftelep
0%
Borsod-Abaúj-Zemplén Sajógalgóc
0%
Borsod-Abaúj-Zemplén Sajóivánka
0%
Borsod-Abaúj-Zemplén Sajókápolna
0%
Borsod-Abaúj-Zemplén Sajólászlófalva
0%
Somogy Sántos
0%
Borsod-Abaúj-Zemplén Sárazsadány
0%
Vas Sárfimizdó
0%
Zala Sárhida
0%
Borsod-Abaúj-Zemplén Selyeb
0%
Baranya Siklósbodony
0%
Somogy Simonfa
0%
Veszprém Somlóvecse
0%
Somogy Somogyaracs
0%
Somogy Somogybükkösd
0%
Somogy Somogydöröcske
0%
Somogy Somogyegres
0%
Somogy Somogygeszti
0%
Somogy Somogysárd
0%
Somogy Somogyszil
0%
Somogy Somogyzsitfa
0%
Vas Sorkikápolna
0%
Borsod-Abaúj-Zemplén Sóstófalva
0%
Baranya Szágy
0%
Tolna Szakadát
0%
Borsod-Abaúj-Zemplén Szakáld
0%
Vas Szaknyér
0%
Szabolcs-Szatmár-Bereg Szamosangyalos
0%
Szabolcs-Szatmár-Bereg Szamossályi
0%
Szabolcs-Szatmár-Bereg Szamostatárfalva
0%
Szabolcs-Szatmár-Bereg Szamosújlak
0%
Borsod-Abaúj-Zemplén Szászfa
0%
Vas Szatta
0%
Baranya Szemely
0%
Vas Szemenye
0%
Somogy Szentgáloskér
0%
Zala Szentgyörgyvár
0%
Veszprém Szentimrefalva
0%
Zala Szentkozmadombja
0%
Zala Szentmargitfalva
0%
Zala Szentpéterúr
0%
Vas Szergény
0%
Zala Szilvágy
0%
Somogy Szilvásszentmárton
0%
Borsod-Abaúj-Zemplén Szőlősardó
0%
Somogy Szorosad
0%
Somogy Szulok
0%
Borsod-Abaúj-Zemplén Taktabáj
0%
Somogy Tarany
0%
Baranya Tarrós
0%
Zala Tekenye
0%
Baranya Teklafalu
0%
Baranya Tésenfa
0%
Baranya Téseny
0%
Zala Tilaj
0%
Borsod-Abaúj-Zemplén Tiszacsermely
0%
Borsod-Abaúj-Zemplén Tiszatardos
0%
Szabolcs-Szatmár-Bereg Tiszavid
0%
Szabolcs-Szatmár-Bereg Tisztaberek
0%
Somogy Torvaj
0%
Baranya Tótszentgyörgy
0%
Szabolcs-Szatmár-Bereg Túrricse
0%
Szabolcs-Szatmár-Bereg Újkenéz
0%
Somogy Újvárfalva
0%
Vas Uraiújfalu
0%
Bács-Kiskun Uszód
0%
Zala Valkonya
0%
Szabolcs-Szatmár-Bereg Vámosatya
0%
Szabolcs-Szatmár-Bereg Vámosoroszi
0%
Zala Várfölde
0%
Tolna Várong
0%
Zala Várvölgy
0%
Baranya Vásárosbéc
0%
Vas Vásárosmiske
0%
Szabolcs-Szatmár-Bereg Vasmegyer
0%
Zala Vaspör
0%
Vas Vasszilvágy
0%
Baranya Vázsnok
0%
Baranya Vékény
0%
Baranya Velény
0%
Veszprém Veszprémgalsa
0%
Zala Vindornyafok
0%
Zala Vindornyalak
0%
Zala Vindornyaszőlős
0%
Borsod-Abaúj-Zemplén Viss
0%
Vas Viszák
0%
Zala Vöckönd
0%
Baranya Vokány
0%
Vas Vönöck
0%
Borsod-Abaúj-Zemplén Zádorfalva
0%
Zala Zalaköveskút
0%
Zala Zalamerenye
0%
Zala Zalasárszeg
0%
Veszprém Zalaszegvár
0%
Zala Zalaszombatfa
0%
Borsod-Abaúj-Zemplén Zalkod
0%
Zala Zebecke
0%
Somogy Zics
0%
Szabolcs-Szatmár-Bereg Zsarolyán
0%
Vas Zsédeny
0%
Somogy Zselickisfalud
0%
No matching quizzes found
Score Distribution
Percent of People with Each Score
Percentile by Number Answered
Your Score History
You have not taken this quiz since the last reset